{"text_format":"3","workbook":"xlsx","n_sheets":7,"sheets":["Розділ 1","Розділ 2","Розділ 3","Розділ 4","Розділ 5","Розділ 6","Зведена"],"not_rendered":{"defined_names":3},"read":"whole","date_system":"1900"}

{"sheet":"Розділ 1","index":0,"n_rows":50,"n_cols":12,"rows_kept":50,"merged":[[0,0,0,11],[3,0,4,0],[3,1,4,1],[3,2,4,2],[3,3,3,5],[3,6,3,11],[47,1,47,4],[47,6,47,10],[49,1,49,4],[56,7,56,9]]}
["Технічне завдання "]
["Проведення реконструкції спортивної зали в ЗОШ №20, м. Чернігів"]
["Об'єкт: Завершення ремонту основного приміщення"]
["№п/п","Найменуванння робіт","Од. вим.","Р о б о т а ",null,null,"М а т е р і а л и"]
[{"$nulls":3},"Кіл-сть","Ціна, грн","Сумма, грн","Найменування матеріалів","Од. вим.","Норма  витрат","Кіл-сть","Ціна, грн ","Сумма, грн"]
[1,2,3,4,5,6,7,8,9,10,11,12]
[null,"Стіни (спортзал)"]
[null,"Грунтування стін","м2",{"v":212.5,"d":"212.50"},null,{"$f":"D8*E8","v":{"v":0,"d":"0.00"}},"Грунтівка Ceresit CT-16","кг",0.65,{"$f":"D8*I8","v":{"v":138.125,"d":"138.13"}},null,{"$f":"J8*K8","v":{"v":0,"d":"0.00"}}]
[null,"Фарбування стін (2 шари)","м2",{"v":212.5,"d":"212.50"},null,{"v":0,"d":"0.00"},"Фарба водоемульсійна  (Ceresit IN 53+пігмент)","л",0.35,{"$f":"I9*D9","v":{"v":74.375,"d":"74.38"}},null,{"v":0,"d":"0.00"}]
[null,"Обшивка стін спортивними матами ","м2",{"v":74.5,"d":"74.50"},null,{"v":0,"d":"0.00"},"Стінові протекори 20мм","м2",{"v":1,"d":"1.00"},{"v":74.5,"d":"74.50"},null,{"v":0,"d":"0.00"}]
[null,"Демонтаж простінка","м3",{"v":1.4,"d":"1.40"},null,{"v":0,"d":"0.00"}]
[null,"Установка вітражу з дверима з алюмінієвого профіля","м2",7.67,null,{"v":0,"d":"0.00"},"Вітраж з дверима із алюмінієвого профіля (протипожежні)","м2",{"v":1,"d":"1.00"},{"$f":"I12*D12","v":7.67},null,{"$f":"J12*K12","v":{"v":0,"d":"0.00"}}]
[null,"Навішування коробів на стіни (захист для труб опалення)","м.п",{"v":46,"d":"46.00"},null,{"v":0,"d":"0.00"},"Короб для труб з оцинкованої сталі з полімерним покриттям","м.п",{"v":1.1,"d":"1.10"},{"v":50.6,"d":"50.60"},null,{"v":0,"d":"0.00"}]
[null,"Стелі (спортзал)"]
[null,"Грунтування стель та балок покриття","м2",{"v":293,"d":"293.00"},null,{"$f":"D15*E15","v":{"v":0,"d":"0.00"}},"Грунтівка Ceresit CT-16","кг",0.65,{"$f":"D15*I15","v":{"v":190.45000000000002,"d":"190.45"}},null,{"$f":"J15*K15","v":{"v":0,"d":"0.00"}}]
[null,"Фарбування стель та балок покриття (2 шари)","м2",{"v":293,"d":"293.00"},null,{"v":0,"d":"0.00"},"Фарба водоемульсійна  (Ceresit IN 53+пігмент)","л",0.35,{"$f":"I16*D16","v":102.55},null,{"v":0,"d":"0.00"}]
[null,"Внутрішні віконні та дверні відкоси"]
[null,"Грунтування відкосів (130,8 м.п)","м2",45.15,null,{"$f":"D18*E18","v":{"v":0,"d":"0.00"}},"Грунтівка Ceresit CT-16","кг",0.65,{"$f":"I18*D18","v":{"v":29.3475,"d":"29.35"}},null,{"$f":"J18*K18","v":{"v":0,"d":"0.00"}}]
[null,"Фарбування відкосів (130,8 м.п)","м2",45.15,null,{"v":0,"d":"0.00"},"Фарба водоемульсійна  (Ceresit IN 53+пігмент)","л",0.35,{"v":15.802499999999998,"d":"15.80"},null,{"v":0,"d":"0.00"}]
[null,"Монтаж алюмінієвих кутиків на відкоси","м.п",{"v":72,"d":"72.00"},null,{"v":0,"d":"0.00"},"Кутик алюмінієвий 20х20 мм анод.","м.п",{"v":1.1,"d":"1.10"},{"v":79.2,"d":"79.20"},null,{"v":0,"d":"0.00"}]
[{"$nulls":6},"Клей монтажний Pattex Fix (0.385 кг)","шт",null,{"v":12,"d":"12.00"},null,{"v":0,"d":"0.00"}]
[null,"Захисні сітки"]
[null,"Навішування захисних сіток ","м2",{"v":185,"d":"185.00"},null,{"$f":"D23*E23","v":{"v":0,"d":"0.00"}},"Сітка захисна поліпропіленова Ø4,5 75х75 ","м2",{"v":1.1,"d":"1.10"},{"$f":"I23*D23","v":{"v":203.50000000000003,"d":"203.50"}},null,{"$f":"J23*K23","v":{"v":0,"d":"0.00"}}]
[{"$nulls":6},"Трос для кріплення стальний оцинкований DIN 3055 4 мм","м.п",null,{"v":200,"d":"200.00"},null,{"v":0,"d":"0.00"}]
[{"$nulls":6},"Кронштейн з дюбелем для кріплення сітки","шт",null,{"v":650,"d":"650.00"},null,{"v":0,"d":"0.00"}]
[null,"Електротехнічні роботи"]
[null,"Світильник стельовий (з захисним екраном)","комплект",4,null,{"$f":"D27*E27","v":{"v":0,"d":"0.00"}},"Модульна система освітлення МСО 03.2В/02.М з комутаційним обладненням","комплект",null,{"v":4,"d":"4.00"},null,{"$f":"J27*K27","v":{"v":0,"d":"0.00"}}]
[null,"Прокладка кабеля в лотках","м",50,null,{"v":0,"d":"0.00"},"Дротовий лоток  100*150 гальваніка, довжина 3000мм FC1015","м",null,{"v":48,"d":"48.00"},null,{"$f":"J28*K28","v":{"v":0,"d":"0.00"}}]
[null,"Налагоджування освітлення та комутація системи","посл",1,null,{"v":0,"d":"0.00"}]
[null,"Світильники (настінні  герметичні)","шт",3,null,{"v":0,"d":"0.00"},"Світильник настінний герметичний коло","шт",null,{"v":3,"d":"3.00"},null,{"$f":"J30*K30","v":{"v":0,"d":"0.00"}}]
[null,"Кабель відкрита прокладка перетином до 6 мм² (на висоті)","м.п",75,null,{"v":0,"d":"0.00"},"Кабель ВВГнгдП 3 х 1.5","м.п",{"v":1.1,"d":"1.10"},{"$f":"I31*D31","v":{"v":82.5,"d":"82.50"}},null,{"v":0,"d":"0.00"}]
[null,"Кабель відкрита прокладка перетином від 6 до 35 мм² ","м.п",50,null,{"v":0,"d":"0.00"},"Кабель ВВГнгдП 3 х 2.5",null,{"v":2.1,"d":"2.10"},{"v":105,"d":"105.00"},null,{"v":0,"d":"0.00"}]
[null,"Установка та розпаювання розподільчих коробок","шт",2,null,{"v":0,"d":"0.00"},"Коробка розподільча","шт",{"v":1,"d":"1.00"},{"v":2,"d":"2.00"},null,{"v":0,"d":"0.00"}]
[null,"Установка підрозетників","шт",5,null,{"v":0,"d":"0.00"},"Підрозетник","шт",{"v":1,"d":"1.00"},{"v":5,"d":"5.00"},null,{"v":0,"d":"0.00"}]
[null,"Установка розеток","шт",1,null,{"v":0,"d":"0.00"},"Розетка 2-на з/з","шт",{"v":1,"d":"1.00"},{"v":1,"d":"1.00"},null,{"v":0,"d":"0.00"}]
[{"$nulls":6},"Рамка 3-на вертикальна","шт",null,{"v":1,"d":"1.00"},null,{"v":0,"d":"0.00"}]
[null,"Установка вимикачів","шт",2,null,{"$f":"D37*E37","v":{"v":0,"d":"0.00"}},"Вимикач 2-х клавішний","шт",{"v":1,"d":"1.00"},{"$f":"I37*D37","v":{"v":2,"d":"2.00"}},null,{"v":0,"d":"0.00"}]
[null,"Установка щитів","шт",1,null,{"v":0,"d":"0.00"},"Щит розподільчий ЩРн-24з-0","шт",{"v":1,"d":"1.00"},{"v":1,"d":"1.00"},null,{"v":0,"d":"0.00"}]
[null,"Підключення щита","шт",1,null,{"v":0,"d":"0.00"},"Кабель ВВГ 3х4","м.п",null,{"v":15,"d":"15.00"},null,{"v":0,"d":"0.00"}]
[{"$nulls":6},"Гофротруба Ø32 мм","м.п",null,{"v":15,"d":"15.00"},null,{"v":0,"d":"0.00"}]
[null,"Автоматичний вимикач 1-о полюсний, встановлення ","шт.",12,null,{"$f":"D41*E41","v":{"v":0,"d":"0.00"}},"Автоматичний вимикач Р1 С 16А","шт",null,{"v":8,"d":"8.00"},null,{"v":0,"d":"0.00"}]
[{"$nulls":6},"Автоматичний вимикач Р1 С 10А","шт",null,{"v":4,"d":"4.00"},null,{"v":0,"d":"0.00"}]
[null,"Автоматичний вимикач 2-о полюсний, встановлення","шт.",1,null,{"$f":"D43*E43","v":{"v":0,"d":"0.00"}},"Автоматичний вимикач Р2 С 25А","шт",null,{"v":1,"d":"1.00"},null,{"v":0,"d":"0.00"}]
[null,"Диференціальний автомат ","шт.",4,null,{"v":0,"d":"0.00"},"Диференційний автомат С16 1N","шт",null,{"v":4,"d":"4.00"},null,{"v":0,"d":"0.00"}]
[null,"Підключення кабеля до електрощита","шт.",15,null,{"v":0,"d":"0.00"}]
[null,"Нуль-шина встановлення і розпаювання","шт",2,null,{"$f":"E46*D46","v":{"v":0,"d":"0.00"}},"Нульова шина DIN дін рейка 15 отворів ","шт.",null,{"v":2,"d":"2.00"},null,{"$f":"J46*K46","v":{"v":0,"d":"0.00"}}]
[{"$nulls":6},"МШП",{"$nulls":4},{"$f":"SUM(L7:L46)*0.07","v":{"v":0,"d":"0.00"}}]
[null,"ВСЬОГО по роботам ",{"$nulls":3},{"$f":"SUM(F7:F47)","v":{"v":0,"d":"0.00"}},"ВСЬОГО по матеріалам",{"$nulls":4},{"$f":"SUM(L7:L47)","v":{"v":0,"d":"0.00"}}]
[null,"Всього",{"$nulls":3},{"$f":"F48+L48","v":{"v":0,"d":"0.00"}}]
[null,"ВСЬОГО, з ПДВ",{"$nulls":3},{"$f":"SUM(F48,L48)*1.2","v":{"v":0,"d":"0.00"}}]

{"sheet":"Розділ 2","index":1,"n_rows":20,"n_cols":12,"rows_kept":20,"merged":[[0,0,0,11],[2,0,2,1],[3,0,4,0],[3,1,4,1],[3,2,4,2],[3,3,3,5],[3,6,3,11],[17,1,17,4],[17,6,17,10],[18,1,18,4],[19,1,19,4]]}
["Технічне завдання "]
["Проведення реконструкції спортивної зали в ЗОШ №20, м. Чернігів"]
["Об'єкт: Евакуаційні сходи"]
["№п/п","Найменуванння робіт","Од. вим.","Р о б о т а ",null,null,"М а т е р і а л и"]
[{"$nulls":3},"Кіл-сть","Ціна, грн","Сумма, грн","Найменування матеріалів","Од. вим.","Норма  витрат","Кіл-сть","Ціна, грн","Сумма, грн"]
[1,2,3,4,5,6,7,8,9,10,11,12]
[null,"Ручна розробка грунту з навантаженням та перевезенням","м3",1.35,null,{"$f":"E7*D7","v":0}]
[null,"Улаштування фундаментів","м3",{"v":1.4,"d":"1.40"},null,0,"Арматура Ø16 А240С","т",null,0.0225,null,{"$f":"K8*J8","v":{"v":0,"d":"0.00"}}]
[{"$nulls":6},"Шайба -80х8, L=80","шт",null,{"v":20,"d":"20.00"},null,{"v":0,"d":"0.00"}]
[{"$nulls":6},"Гайка М16","шт",null,{"v":40,"d":"40.00"},null,{"v":0,"d":"0.00"}]
[{"$nulls":6},"Бетон В15","м3",1.05,{"$f":"I11*D8","v":1.47},null,{"v":0,"d":"0.00"}]
[null,"Виготовлення металевих сходів","т",{"v":2.72,"d":"2.720"},null,{"$f":"E12*D12","v":0},"Конструкції металеві","т",null,2.72,null,{"v":0,"d":"0.00"}]
[null,"Монтаж металевих сходів","т",{"v":2.72,"d":"2.720"},null,0,"Кутик 75х75х5","т",null,0.09,null,{"v":0,"d":"0.00"}]
[{"$nulls":6},"Анкер 12х200","шт",null,{"v":20,"d":"20.00"},null,{"v":0,"d":"0.00"}]
[null,"Грунтування з фарбуванням металоконструкцій","м2",{"v":106.4,"d":"106.40"},null,{"$f":"E15*D15","v":0},"Грунт ГФ-021","кг",{"v":0.2,"d":"0.20"},{"$f":"I15*D15","v":21.28},null,{"v":0,"d":"0.00"}]
[{"$nulls":6},"Емаль антикорозійна","кг",{"v":0.4,"d":"0.40"},{"$f":"I16*D15","v":42.56},null,{"v":0,"d":"0.00"}]
[null,"МіМ",{"$nulls":4},"МШП",{"$nulls":4},{"$f":"SUM(L7:L16)*0.07","v":{"v":0,"d":"0.00"}}]
[null,"ВСЬОГО по роботам",{"$nulls":3},{"$f":"SUM(F7:F17)","v":{"v":0,"d":"0.00"}},"ВСЬОГО по матеріалам",{"$nulls":4},{"$f":"SUM(L7:L16)","v":{"v":0,"d":"0.00"}}]
[null,"Всього",{"$nulls":3},{"$f":"F18+L18","v":{"v":0,"d":"0.00"}}]
[null,"ВСЬОГО, з ПДВ",{"$nulls":3},{"$f":"(F18+L18)*1.2","v":{"v":0,"d":"0.00"}}]

{"sheet":"Розділ 3","index":2,"n_rows":26,"n_cols":12,"rows_kept":26,"merged":[[0,0,0,11],[2,0,2,1],[3,0,4,0],[3,1,4,1],[3,2,4,2],[3,3,3,5],[3,6,3,11],[23,1,23,4],[23,6,23,10],[24,1,24,4],[25,1,25,4]]}
["Технічне завдання "]
["Проведення реконструкції спортивної зали в ЗОШ №20, м. Чернігів"]
["Об'єкт: Підлога"]
["№п/п","Найменуванння робіт","Од. вим.","Р о б о т а ",null,null,"М а т е р і а л и"]
[{"$nulls":3},"Кіл-сть","Ціна, грн","Сумма, грн","Найменування матеріалів","Од. вим.","Норма  витрат","Кіл-сть","Ціна, грн","Сумма, грн"]
[1,2,3,4,5,6,7,8,9,10,11,12]
[null,"Очистка пілоги під пилу та бруду","м2",{"v":188,"d":"188.00"},null,{"$f":"E7*D7","v":0}]
[null,"Забивка швів та нерівностей між плитами","м2",{"v":50,"d":"50.00"},null,0,"Розчин цементно-піщаний М150","м3",{"v":0.03,"d":"0.030"},{"$f":"I8*D8","v":{"v":1.5,"d":"1.50"}},null,{"$f":"K8*J8","v":{"v":0,"d":"0.00"}}]
[null,"Укладання гідроізоляції","м2",{"v":188,"d":"188.00"},null,0,"Плівка ПЕ 150 мкм","м2",{"v":1.1,"d":"1.10"},{"v":206.8,"d":"206.80"},null,{"v":0,"d":"0.00"}]
[null,"Укладання утеплювача на підлогу","м2",{"v":72,"d":"72.00"},null,0,"Плити з екструзійного пінополістиролу 100мм","м2",{"v":1.1,"d":"1.10"},{"v":79.2,"d":"79.20"},null,{"v":0,"d":"0.00"}]
[null,"Улаштування стяжки (товщ 50мм)","м2",{"v":188,"d":"188.00"},null,0,"Розчин цементно-піщаний М150","м3",0.05,{"v":9.4,"d":"9.40"},null,{"v":0,"d":"0.00"}]
[{"$nulls":6},"Фібра поліпропіленова 12мм","кг",{"v":0.072,"d":"0.07"},{"$f":"I12*D11","v":{"v":13.536,"d":"13.54"}},null,{"v":0,"d":"0.00"}]
[null,"Грунтування підлоги","м2",{"v":188,"d":"188.00"},null,{"$f":"E13*D13","v":0},"Грунтівка Ceresit CT-17","л",{"v":0.2,"d":"0.20"},{"$f":"I13*D13","v":{"v":37.6,"d":"37.60"}},null,{"v":0,"d":"0.00"}]
[null,"Улаштування самовирівнюючої стяжки (товщ 10мм)","м2",{"v":188,"d":"188.00"},null,0,"Стяжка самовирівнююча CN-69","кг",{"$f":"1.8*10","v":{"v":18,"d":"18.00"}},{"$f":"I14*D14","v":{"v":3384,"d":"3384.00"}},null,{"v":0,"d":"0.00"}]
[null,"Улаштування деформаційних швів","м.п",{"v":130,"d":"130.00"},null,0,"Джгут ущільнювальний ППЕ 10мм","м.п",1.1,{"v":143,"d":"143.0"},null,{"v":0,"d":"0.00"}]
[{"$nulls":6},"Ceresit CS-51","кг",{"v":0.2,"d":"0.20"},{"$f":"I16*D15","v":{"v":26,"d":"26.00"}},null,{"v":0,"d":"0.00"}]
[null,"Улаштування покриття з лінолеуму","м2",{"v":188,"d":"188.00"},null,{"$f":"E17*D17","v":0},"Лінолеум спортивний","м2",{"v":1.2,"d":"1.20"},{"$f":"I17*D17","v":{"v":225.6,"d":"225.60"}},null,{"v":0,"d":"0.00"}]
[{"$nulls":6},"Клей для лінолеуму","кг",{"v":0.3,"d":"0.30"},{"$f":"I18*D17","v":{"v":56.4,"d":"56.40"}},null,{"v":0,"d":"0.00"}]
[{"$nulls":6},"Шнур для лінолеуму","м.п",null,{"v":100,"d":"100.00"},null,{"v":0,"d":"0.00"}]
[null,"Улаштування плінтусів","м.п",{"v":63,"d":"63.000"},null,{"$f":"E20*D20","v":0},"Лінолеум спортивний","м2",{"v":0.2,"d":"0.20"},{"v":12.6,"d":"12.60"},null,{"v":0,"d":"0.00"}]
[{"$nulls":6},"Клей для лінолеуму","кг",null,{"v":18.9,"d":"18.90"},null,{"$f":"J21*K21","v":{"v":0,"d":"0.00"}}]
[{"$nulls":6},"Шнур для лінолеуму","м.п",null,{"v":25,"d":"25.00"},null,{"v":0,"d":"0.00"}]
[{"$nulls":6},"МШП",{"$nulls":4},{"$f":"SUM(L7:L22)*0.07","v":{"v":0,"d":"0.00"}}]
[null,"ВСЬОГО по роботам",{"$nulls":3},{"$f":"SUM(F7:F23)","v":{"v":0,"d":"0.00"}},"ВСЬОГО по матеріалам",{"$nulls":4},{"$f":"SUM(L7:L23)","v":{"v":0,"d":"0.00"}}]
[null,"Всього",{"$nulls":3},{"$f":"F24+L24","v":{"v":0,"d":"0.00"}}]
[null,"ВСЬОГО, з ПДВ",{"$nulls":3},{"$f":"(F24+L24)*1.2","v":{"v":0,"d":"0.00"}}]

{"sheet":"Розділ 4","index":3,"n_rows":228,"n_cols":12,"rows_kept":228,"merged":[[0,0,0,11],[3,0,4,0],[3,1,4,1],[3,2,4,2],[3,3,3,5],[3,6,3,11],[225,1,225,4],[225,6,225,10],[226,1,226,4],[227,1,227,4]]}
["Технічне завдання "]
["Проведення реконструкції спортивної зали в ЗОШ №20, м. Чернігів"]
["Об'єкт: коридор, санвузол, роздягальня дівоча"]
["№п/п","Найменуванння робіт","Од. вим.","Р о б о т а ",null,null,"М а т е р і а л и"]
[{"$nulls":3},"Кіл-сть","Ціна, грн","Сумма, грн","Найменування матеріалів","Од. вим.","Норма  витрат","Кіл-сть","Ціна, грн","Сумма, грн"]
[1,2,3,4,5,6,7,8,9,10,11,12]
[null,"Коридор"]
[null,"Стеля"]
[null,"Грунтування стелі","м2",{"v":8,"d":"8.00"},null,{"$f":"D9*E9","v":0},"Грунтівка Ceresit CT-17","л",{"v":0.2,"d":"0.20"},{"v":1.6,"d":"1.60"},null,{"$f":"J9*K9","v":{"v":0,"d":"0.00"}}]
[null,"Штукатурка стелі по сітці","м2",{"v":8,"d":"8.00"},null,0,"Штукатурка Ceresit CT-25","кг",{"v":7,"d":"7.00"},{"v":56,"d":"56.00"},null,{"v":0,"d":"0.00"}]
[{"$nulls":6},"Сітка штукатурна скловолокно CT-325","м2",{"v":1.1,"d":"1.10"},{"v":8.8,"d":"8.80"},null,{"v":0,"d":"0.00"}]
[null,"Грунтування стелі","м2",{"v":8,"d":"8.00"},null,{"$f":"D12*E12","v":0},"Грунтівка Ceresit CT-17","л",{"v":0.2,"d":"0.20"},{"v":1.6,"d":"1.60"},null,{"v":0,"d":"0.00"}]
[null,"Шпаклювання стелі","м2",{"v":8,"d":"8.00"},null,{"v":0,"d":"0.00"},"Шпаклівка гіпсова Кнауф старт ","кг",{"v":3,"d":"3.00"},{"v":24,"d":"24.00"},null,{"v":0,"d":"0.00"}]
[{"$nulls":6},"Шпаклівка гіпсова Кнауф фініш ","кг",{"v":1.8,"d":"1.80"},{"v":14.4,"d":"14.40"},null,{"v":0,"d":"0.00"}]
[null,"Грунтування стелі","м2",{"v":8,"d":"8.00"},null,{"$f":"D15*E15","v":{"v":0,"d":"0.00"}},"Грунтівка Ceresit CT-16","кг",0.65,{"v":5.2,"d":"5.20"},null,{"v":0,"d":"0.00"}]
[null,"Фарбування стелі (2 шари)","м2",{"v":8,"d":"8.00"},null,{"v":0,"d":"0.00"},"Фарба водоемульсійна  (Ceresit IN 53+пігмент)","л",0.35,{"v":2.8,"d":"2.80"},null,{"v":0,"d":"0.00"}]
[null,"                                        Стіни"]
[null,"Розширення дверного прорізу","шт",{"v":2,"d":"2.00"},null,{"$f":"D18*E18","v":{"v":0,"d":"0.00"}}]
[null,"Грунтування ніш за радіаторами опалення","м2",3.29,null,{"v":0,"d":"0.00"},"Грунтівка Ceresit CT-16","кг",0.65,{"v":2.1385,"d":"2.14"},null,{"$f":"J19*K19","v":{"v":0,"d":"0.00"}}]
[null,"Грунтування стін","м2",15.14,null,{"v":0,"d":"0.00"},"Грунтівка Ceresit CT-17","л",{"v":0.2,"d":"0.20"},{"v":3.0280000000000005,"d":"3.03"},null,{"v":0,"d":"0.00"}]
[null,"Штукатурка стін по маяках","м2",15.14,null,{"v":0,"d":"0.00"},"Маяк штукатурний 10мм","м.п",null,{"v":25,"d":"25.00"},null,{"v":0,"d":"0.00"}]
[{"$nulls":6},"Сітка штукатурна скловолокно CT-325","м2",{"v":1.1,"d":"1.10"},{"v":16.654000000000003,"d":"16.65"},null,{"v":0,"d":"0.00"}]
[{"$nulls":6},"Штукатурка Ceresit CT-25","кг",{"v":45,"d":"45.00"},{"v":681.3000000000001,"d":"681.30"},null,{"v":0,"d":"0.00"}]
[null,"Грунтування стін","м2",15.14,null,{"$f":"D24*E24","v":{"v":0,"d":"0.00"}},"Грунтівка Ceresit CT-17","л",{"v":0.2,"d":"0.20"},{"v":3.0280000000000005,"d":"3.03"},null,{"v":0,"d":"0.00"}]
[null,"Облицювання стін керамічною плиткою ","м2",{"v":9.4,"d":"9.40"},null,{"v":0,"d":"0.00"},"Плитка керамічна ","м2",{"v":1.1,"d":"1.10"},{"v":10.340000000000002,"d":"10.34"},null,{"v":0,"d":"0.00"}]
[{"$nulls":6},"Суміш Ceresit CМ-11","кг",{"v":6.5,"d":"6.50"},{"v":61.1,"d":"61.10"},null,{"v":0,"d":"0.00"}]
[{"$nulls":6},"Кутик для плитки зовнішній","м",null,{"v":10,"d":"10.00"},null,{"v":0,"d":"0.00"}]
[{"$nulls":6},"Затирка Ceresit СЕ-40","кг",{"v":0.4,"d":"0.40"},{"v":3.7600000000000002,"d":"3.76"},null,{"v":0,"d":"0.00"}]
[null,"Шпаклювання стін ","м2",5.74,null,{"$f":"D29*E29","v":{"v":0,"d":"0.00"}},"Шпаклівка гіпсова Кнауф старт ","кг",{"v":3,"d":"3.00"},17.22,null,{"v":0,"d":"0.00"}]
[{"$nulls":6},"Шпаклівка гіпсова Кнауф фініш","кг",{"v":1.8,"d":"1.80"},{"v":10.332,"d":"10.33"},null,{"v":0,"d":"0.00"}]
[null,"Грунтування стін","м2",5.74,null,{"$f":"D31*E31","v":{"v":0,"d":"0.00"}},"Грунтівка Ceresit CT-16","кг",0.65,{"v":3.7310000000000003,"d":"3.73"},null,{"v":0,"d":"0.00"}]
[null,"Фарбування стін (2 шари)","м2",5.74,null,{"v":0,"d":"0.00"},"Фарба водоемульсійна  (Ceresit IN 53+пігмент)","л",0.35,{"v":2.009,"d":"2.01"},null,{"v":0,"d":"0.00"}]
[null,"Улаштування теплоізоляційних екранів за радіаторами опалення ","м2",1.44,null,{"v":0,"d":"0.00"},"Газоспінений поліетилен фольгований самоклеючий 10 мм","м2",{"v":1.1,"d":"1.10"},{"v":1.584,"d":"1.58"},null,{"v":0,"d":"0.00"}]
[null,"Грунтування дверних відкосів ","м2",0.53,null,{"v":0,"d":"0.00"},"Грунтівка Ceresit CT-17","л",{"v":0.2,"d":"0.20"},{"v":0.10600000000000001,"d":"0.11"},null,{"v":0,"d":"0.00"}]
[null,"Штукатурка дверних відкосів ","м2",0.53,null,{"v":0,"d":"0.00"},"Штукатурка Ceresit CT-25","кг",{"v":45,"d":"45.00"},23.85,null,{"v":0,"d":"0.00"}]
[{"$nulls":6},"Сітка штукатурна скловолокно CT-325","м2",{"v":1.1,"d":"1.10"},{"v":0.5830000000000001,"d":"0.58"},null,{"v":0,"d":"0.00"}]
[null,"Грунтування дверних відкосів ","м2",0.53,null,{"$f":"D37*E37","v":{"v":0,"d":"0.00"}},"Грунтівка Ceresit CT-17","л",{"v":0.2,"d":"0.20"},{"v":0.10600000000000001,"d":"0.11"},null,{"v":0,"d":"0.00"}]
[null,"Шпаклювання дверних відкосів","м2",0.53,null,{"v":0,"d":"0.00"},"Шпаклівка гіпсова Кнауф старт ","кг",{"v":3,"d":"3.00"},1.59,null,{"v":0,"d":"0.00"}]
[{"$nulls":6},"Шпаклівка гіпсова Кнауф фініш ","кг",{"v":1.8,"d":"1.80"},{"v":0.9540000000000001,"d":"0.95"},null,{"v":0,"d":"0.00"}]
[{"$nulls":6},"Кутик ПВХ перфорований","м",null,{"v":22,"d":"22.00"},null,{"v":0,"d":"0.00"}]
[null,"Грунтування дверних відкосів ","м2",0.53,null,{"$f":"D41*E41","v":{"v":0,"d":"0.00"}},"Грунтівка Ceresit CT-16","кг",0.65,{"v":0.34450000000000003,"d":"0.34"},null,{"v":0,"d":"0.00"}]
[null,"Фарбування дверних відкосів (2 шари)","м2",0.53,null,{"v":0,"d":"0.00"},"Фарба водоемульсійна  (Ceresit IN 53+пігмент)","л",0.35,{"v":0.1855,"d":"0.19"},null,{"v":0,"d":"0.00"}]
[null,"Очистка труб опалення від старої фарби","м.п.",{"v":4.5,"d":"4.50"},null,{"v":0,"d":"0.00"}]
[null,"Фарбування труб опалення (2 шари)","м.п.",{"v":4.5,"d":"4.50"},null,{"v":0,"d":"0.00"},"Емаль для радіаторів","кг",{"v":0.4,"d":"0.40"},{"v":1.8,"d":"1.80"},null,{"$f":"J44*K44","v":{"v":0,"d":"0.00"}}]
[null,"Монтаж металопластикових дверей ","м2",{"v":10.2,"d":"10.20"},null,{"v":0,"d":"0.00"},"Двері металопластикові","м2",{"v":1,"d":"1.00"},{"v":10.2,"d":"10.20"},null,{"v":0,"d":"0.00"}]
[null,"Підлога "]
[null,"Укладка плит OSB","м2",{"v":7.4,"d":"7.40"},null,{"$f":"D47*E47","v":{"v":0,"d":"0.00"}},"Плити OSB 12мм","м2",{"v":1.1,"d":"1.10"},8.14,null,{"$f":"J47*K47","v":{"v":0,"d":"0.00"}}]
[null,"Улаштування покриття з лінолеуму","м2",{"v":7.4,"d":"7.40"},null,{"v":0,"d":"0.00"},"Лінолеум ","м2",{"v":1.2,"d":"1.20"},8.88,null,{"v":0,"d":"0.00"}]
[{"$nulls":6},"Клей для лінолеуму","кг",null,{"v":2.5,"d":"2.50"},null,{"v":0,"d":"0.00"}]
[{"$nulls":6},"Шнур для лінолеуму","м.п",null,{"v":10,"d":"10.00"},null,{"v":0,"d":"0.00"}]
[null,"Улаштування плінтусів з лінолеуму","м.п.",{"v":8,"d":"8.00"},null,{"$f":"D51*E51","v":{"v":0,"d":"0.00"}},"Лінолеум ","м2",{"v":0.2,"d":"0.20"},1.92,null,{"v":0,"d":"0.00"}]
[{"$nulls":6},"Клей для лінолеуму","кг",null,{"v":1,"d":"1.00"},null,{"v":0,"d":"0.00"}]
[{"$nulls":6},"Шнур для лінолеуму","м.п",null,{"v":2,"d":"2.00"},null,{"v":0,"d":"0.00"}]
[null,"Роздягальня "]
[null,"Стеля"]
[null,"Грунтування стелі","м2",10.87,null,{"$f":"D56*E56","v":{"v":0,"d":"0.00"}},"Грунтівка Ceresit CT-17","л",{"v":0.2,"d":"0.20"},{"v":2.174,"d":"2.17"},null,{"$f":"J56*K56","v":{"v":0,"d":"0.00"}}]
[null,"Штукатурка стелі по сітці","м2",10.87,null,{"v":0,"d":"0.00"},"Штукатурка Ceresit CT-25","кг",{"v":7,"d":"7.00"},{"v":76.08999999999999,"d":"76.09"},null,{"v":0,"d":"0.00"}]
[{"$nulls":6},"Сітка штукатурна скловолокно CT-325","м2",{"v":1.1,"d":"1.10"},{"v":11.957,"d":"11.96"},null,{"v":0,"d":"0.00"}]
[null,"Грунтування стелі","м2",10.87,null,{"$f":"D59*E59","v":{"v":0,"d":"0.00"}},"Грунтівка Ceresit CT-17","л",{"v":0.2,"d":"0.20"},{"v":2.174,"d":"2.17"},null,{"v":0,"d":"0.00"}]
[null,"Шпаклювання стелі","м2",10.87,null,{"v":0,"d":"0.00"},"Шпаклівка гіпсова Кнауф старт ","кг",{"v":3,"d":"3.00"},32.61,null,{"v":0,"d":"0.00"}]
[{"$nulls":6},"Шпаклівка гіпсова Кнауф фініш ","кг",{"v":1.8,"d":"1.80"},{"v":19.566,"d":"19.57"},null,{"v":0,"d":"0.00"}]
[null,"Грунтування стелі","м2",10.87,null,{"$f":"D62*E62","v":{"v":0,"d":"0.00"}},"Грунтівка Ceresit CT-16","кг",0.65,{"v":7.0655,"d":"7.07"},null,{"v":0,"d":"0.00"}]
[null,"Фарбування стелі (2 шари)","м2",10.87,null,{"v":0,"d":"0.00"},"Фарба водоемульсійна  (Ceresit IN 53+пігмент)","л",0.35,{"v":3.8044999999999995,"d":"3.80"},null,{"v":0,"d":"0.00"}]
[null,"Стіни "]
[null,"Очистка труб опалення від старої фарби","м.п.",{"v":6,"d":"6.00"},null,{"$f":"D65*E65","v":{"v":0,"d":"0.00"}}]
[null,"Фарбування труб опалення (2 шари)","м.п.",{"v":6,"d":"6.00"},null,{"v":0,"d":"0.00"},"Емаль для радіаторів","кг",{"v":0.4,"d":"0.40"},{"v":2.4000000000000004,"d":"2.40"},null,{"$f":"J66*K66","v":{"v":0,"d":"0.00"}}]
[null,"Грунтування віконних відкосів ","м2",0.83,null,{"v":0,"d":"0.00"},"Грунтівка Ceresit CT-17","л",{"v":0.2,"d":"0.20"},{"v":0.166,"d":"0.17"},null,{"v":0,"d":"0.00"}]
[null,"Приклейка мінеральної вати на відкоси","м2",0.83,null,{"v":0,"d":"0.00"},"Суміш Ceresit CT-82","кг",{"v":6,"d":"6.00"},{"v":4.9799999999999995,"d":"4.98"},null,{"v":0,"d":"0.00"}]
[{"$nulls":6},"Мінеральна вата 50мм","м2",{"v":1.1,"d":"1.10"},{"v":0.913,"d":"0.91"},null,{"v":0,"d":"0.00"}]
[null,"Штукатурка віконних відкосів","м2",0.83,null,{"$f":"D70*E70","v":{"v":0,"d":"0.00"}},"Суміш Ceresit CT-82","кг",{"v":6,"d":"6.00"},{"v":4.9799999999999995,"d":"4.98"},null,{"v":0,"d":"0.00"}]
[{"$nulls":6},"Сітка штукатурна скловолокно CT-325","м2",{"v":1.1,"d":"1.10"},{"v":0.913,"d":"0.91"},null,{"v":0,"d":"0.00"}]
[null,"Грунтування віконних відкосів ","м2",{"v":0.8315,"d":"0.83"},null,{"$f":"D72*E72","v":{"v":0,"d":"0.00"}},"Грунтівка Ceresit CT-17","л",{"v":0.2,"d":"0.20"},{"v":0.1663,"d":"0.17"},null,{"v":0,"d":"0.00"}]
[null,"Шпаклювання віконних відкосів ","м2",0.83,null,{"v":0,"d":"0.00"},"Шпаклівка гіпсова Кнауф старт ","кг",{"v":3,"d":"3.00"},{"v":2.4899999999999998,"d":"2.49"},null,{"v":0,"d":"0.00"}]
[{"$nulls":6},"Шпаклівка гіпсова Кнауф фініш ","кг",{"v":1.8,"d":"1.80"},{"v":1.494,"d":"1.49"},null,{"v":0,"d":"0.00"}]
[{"$nulls":6},"Кутик ПВХ  перфорований","м",null,{"v":5,"d":"5.00"},null,{"v":0,"d":"0.00"}]
[null,"Грунтування віконних відкосів ","м2",0.83,null,{"$f":"D76*E76","v":{"v":0,"d":"0.00"}},"Грунтівка Ceresit CT-16","кг",0.65,{"v":0.5395,"d":"0.54"},null,{"v":0,"d":"0.00"}]
[null,"Фарбування віконних відкосів (2 шари)","м2",0.83,null,{"v":0,"d":"0.00"},"Фарба водоемульсійна  (Ceresit IN 53+пігмент)","л",0.35,{"v":0.2905,"d":"0.29"},null,{"v":0,"d":"0.00"}]
[null,"Відновлення підвіконь","м2",{"v":0.8,"d":"0.80"},null,{"v":0,"d":"0.00"},"Грунтівка Ceresit CT 19","кг",0.35,{"v":0.27999999999999997,"d":"0.28"},null,{"v":0,"d":"0.00"}]
[{"$nulls":6},"Шпаклівка KNAUF HP START (3 мм)","кг",{"v":3,"d":"3.00"},{"v":2.4000000000000004,"d":"2.40"},null,{"v":0,"d":"0.00"}]
[{"$nulls":6},"Малярне склополотно","м2",{"v":1.1,"d":"1.10"},{"v":0.8800000000000001,"d":"0.88"},null,{"v":0,"d":"0.00"}]
[{"$nulls":6},"Кутики перфоровані зі склосіткою","м.п",null,{"v":2.5,"d":"2.50"},null,{"v":0,"d":"0.00"}]
[{"$nulls":6},"Шпаклівка KNAUF НР FINISH (2 мм)","кг",{"v":1.8,"d":"1.80"},{"v":1.4400000000000002,"d":"1.44"},null,{"v":0,"d":"0.00"}]
[{"$nulls":6},"Грунт фарба Ceresit CT 16","л",0.35,{"v":0.27999999999999997,"d":"0.28"},null,{"v":0,"d":"0.00"}]
[{"$nulls":6},"Фарба масляна (2 шари)","л",{"v":0.3,"d":"0.30"},0.24,null,{"v":0,"d":"0.00"}]
[null,"Грунтування стін ","м2",27.67,null,{"$f":"D85*E85","v":{"v":0,"d":"0.00"}},"Грунтівка Ceresit CT-17","л",{"v":0.2,"d":"0.20"},{"v":5.534000000000001,"d":"5.53"},null,{"v":0,"d":"0.00"}]
[null,"Штукатурка стін по маяках ","м2",27.67,null,{"v":0,"d":"0.00"},"Маяк штукатурний 10мм","м.п",null,{"v":30,"d":"30.00"},null,{"v":0,"d":"0.00"}]
[{"$nulls":6},"Сітка штукатурна скловолокно CT-325","м2",{"v":1.1,"d":"1.10"},{"v":30.437000000000005,"d":"30.44"},null,{"v":0,"d":"0.00"}]
[{"$nulls":6},"Штукатурка Ceresit CT-25","кг",{"v":45,"d":"45.00"},1245.15,null,{"v":0,"d":"0.00"}]
[null,"Грунтування стін ","м2",27.67,null,{"$f":"D89*E89","v":{"v":0,"d":"0.00"}},"Грунтівка Ceresit CT-17","л",{"v":0.2,"d":"0.20"},{"v":5.534000000000001,"d":"5.53"},null,{"v":0,"d":"0.00"}]
[null,"Облицювання стін керамічною плиткою ","м2",18.15,null,{"v":0,"d":"0.00"},"Плитка керамічна ","м2",{"v":1.1,"d":"1.10"},{"v":19.965,"d":"19.97"},null,{"v":0,"d":"0.00"}]
[{"$nulls":6},"Суміш Ceresit CМ-11","кг",{"v":6.5,"d":"6.50"},{"v":117.975,"d":"117.98"},null,{"v":0,"d":"0.00"}]
[{"$nulls":6},"Кутик для плитки зовнішній","м",null,{"v":20,"d":"20.00"},null,{"v":0,"d":"0.00"}]
[{"$nulls":6},"Затирка Ceresit СЕ-40","кг",{"v":0.4,"d":"0.40"},7.26,null,{"v":0,"d":"0.00"}]
[null,"Шпаклювання стін","м2",9.52,null,{"$f":"D94*E94","v":{"v":0,"d":"0.00"}},"Шпаклівка гіпсова Кнауф старт","кг",{"v":3,"d":"3.00"},28.56,null,{"v":0,"d":"0.00"}]
[{"$nulls":6},"Шпаклівка гіпсова Кнауф фініш ","кг",{"v":1.8,"d":"1.80"},{"v":17.136,"d":"17.14"},null,{"v":0,"d":"0.00"}]
[null,"Грунтування стін ","м2",9.52,null,{"$f":"D96*E96","v":{"v":0,"d":"0.00"}},"Грунтівка Ceresit CT-16","кг",0.65,{"v":6.188,"d":"6.19"},null,{"v":0,"d":"0.00"}]
[null,"Фарбування стін (2 шари)","м2",9.52,null,{"v":0,"d":"0.00"},"Фарба водоемульсійна  (Ceresit IN 53+пігмент)","л",0.35,{"v":3.332,"d":"3.33"},null,{"v":0,"d":"0.00"}]
[null,"Монтаж металопластикових дверей ","м2",{"v":3.3,"d":"3.30"},null,{"v":0,"d":"0.00"},"Двері металопластикові","м2",{"v":1,"d":"1.00"},{"v":3.3,"d":"3.30"},null,{"v":0,"d":"0.00"}]
[null,"Підлога "]
[null,"Грунтування підлоги","м2",{"v":10.4,"d":"10.40"},null,{"$f":"D100*E100","v":{"v":0,"d":"0.00"}},"Грунтівка Ceresit CT-17","л",{"v":0.2,"d":"0.20"},2.08,null,{"$f":"J100*K100","v":{"v":0,"d":"0.00"}}]
[null,"Улаштування цементно-піщаної стяжки","м2",{"v":10.4,"d":"10.40"},null,{"v":0,"d":"0.00"},"Розчин цементно-піщаний М150","м3",0.05,0.52,null,{"v":0,"d":"0.00"}]
[null,"Грунтування підлоги ","м2",{"v":10.4,"d":"10.40"},null,{"v":0,"d":"0.00"},"Грунтівка Ceresit CT-17","л",{"v":0.2,"d":"0.20"},2.08,null,{"v":0,"d":"0.00"}]
[null,"Улаштування самовирівнюючої стяжки","м2",{"v":10.4,"d":"10.40"},null,{"v":0,"d":"0.00"},"Стяжка самовирівнююча CN-69","кг",{"v":18,"d":"18.00"},{"v":187.20000000000002,"d":"187.20"},null,{"v":0,"d":"0.00"}]
[null,"Грунтування підлоги ","м2",{"v":10.4,"d":"10.40"},null,{"v":0,"d":"0.00"},"Грунтівка Ceresit CT-17","л",{"v":0.2,"d":"0.20"},2.08,null,{"v":0,"d":"0.00"}]
[null,"Улаштування покриття підлоги з керамічної плитки","м2",{"v":10.4,"d":"10.40"},null,{"v":0,"d":"0.00"},"Плитка керамічна","м2",{"v":1.1,"d":"1.10"},{"v":11.440000000000001,"d":"11.44"},null,{"v":0,"d":"0.00"}]
[{"$nulls":6},"Суміш Ceresit CМ-11","кг",{"v":6.5,"d":"6.50"},{"v":67.60000000000001,"d":"67.60"},null,{"v":0,"d":"0.00"}]
[{"$nulls":6},"Затирка Ceresit СЕ-40","кг",{"v":0.4,"d":"0.40"},4.16,null,{"v":0,"d":"0.00"}]
[null,"Душова кабіна"]
[null,"Цегляна кладка душової кабіни з керамічної цегли","м2",{"v":6.5,"d":"6.50"},null,{"$f":"D109*E109","v":{"v":0,"d":"0.00"}},"Цегла керамічна рядова","шт",{"v":51,"d":"51.00"},{"v":331.5,"d":"331.50"},null,{"$f":"J109*K109","v":{"v":0,"d":"0.00"}}]
[{"$nulls":6},"Арматура Ø8 мм","кг",null,{"v":6.5,"d":"6.50"},null,{"v":0,"d":"0.00"}]
[{"$nulls":6},"Сітка кладочна Ø3 50х50","м2",null,{"v":2.2,"d":"2.20"},null,{"v":0,"d":"0.00"}]
[{"$nulls":6},"Кутик 50х50х4","кг",null,{"v":6.8,"d":"6.80"},null,{"v":0,"d":"0.00"}]
[{"$nulls":6},"Розчин кладочний М150","м3",null,0.65,null,{"v":0,"d":"0.00"}]
[null,"Грунтування стін","м2",{"v":11.5,"d":"11.50"},null,{"$f":"D114*E114","v":{"v":0,"d":"0.00"}},"Грунтівка Ceresit CT-17","л",{"v":0.2,"d":"0.20"},{"v":2.3000000000000003,"d":"2.30"},null,{"v":0,"d":"0.00"}]
[null,"Штукатурка стін по маяках ","м2",{"v":11.5,"d":"11.50"},null,{"v":0,"d":"0.00"},"Маяк штукатурний 10мм","м.п",null,{"v":15,"d":"15.00"},null,{"v":0,"d":"0.00"}]
[{"$nulls":6},"Сітка штукатурна скловолокно CT-325","м2",{"v":1.1,"d":"1.10"},12.65,null,{"v":0,"d":"0.00"}]
[{"$nulls":6},"Штукатурка Ceresit CT-25","кг",{"v":45,"d":"45.00"},{"v":517.5,"d":"517.50"},null,{"v":0,"d":"0.00"}]
[null,"Гідроізоляція стін","м2",{"v":11.5,"d":"11.50"},null,{"$f":"D118*E118","v":{"v":0,"d":"0.00"}},"Гідроізоляція Ceresit CR 65","кг",{"v":6,"d":"6.00"},{"v":69,"d":"69.00"},null,{"v":0,"d":"0.00"}]
[null,"Грунтування стін ","м2",{"v":11.5,"d":"11.50"},null,{"v":0,"d":"0.00"},"Грунтівка Ceresit CT-17","л",{"v":0.2,"d":"0.20"},{"v":2.3000000000000003,"d":"2.30"},null,{"v":0,"d":"0.00"}]
[null,"Облицювання стін керамічною плиткою ","м2",{"v":11.5,"d":"11.50"},null,{"v":0,"d":"0.00"},"Плитка керамічна ","м2",{"v":1.1,"d":"1.10"},12.65,null,{"v":0,"d":"0.00"}]
[{"$nulls":6},"Суміш Ceresit CМ-11","кг",{"v":6.5,"d":"6.50"},74.75,null,{"v":0,"d":"0.00"}]
[{"$nulls":6},"Кутик для плитки зовнішній","м",null,{"v":6,"d":"6.00"},null,{"v":0,"d":"0.00"}]
[{"$nulls":6},"Затирка Ceresit СЕ-40","кг",{"v":0.4,"d":"0.40"},{"v":4.6000000000000005,"d":"4.60"},null,{"v":0,"d":"0.00"}]
[null,"Монтаж металопластикових дверей ","м2",{"v":1.5,"d":"1.50"},null,{"$f":"D124*E124","v":{"v":0,"d":"0.00"}},"Двері металопластикові","м2",{"v":1,"d":"1.00"},{"v":1.5,"d":"1.50"},null,{"v":0,"d":"0.00"}]
[null,"Грунтування підлоги","м2",{"v":1.8,"d":"1.80"},null,{"v":0,"d":"0.00"},"Грунтівка Ceresit CT-17","л",{"v":0.2,"d":"0.20"},{"v":0.36000000000000004,"d":"0.36"},null,{"v":0,"d":"0.00"}]
[null,"Улаштування цементно-піщаної стяжки","м2",{"v":1.8,"d":"1.80"},null,{"v":0,"d":"0.00"},"Розчин цементно-піщаний М150","м3",0.05,{"v":0.09000000000000001,"d":"0.09"},null,{"v":0,"d":"0.00"}]
[null,"Улаштування гідроізоляції","м2",{"v":1.8,"d":"1.80"},null,{"v":0,"d":"0.00"},"Гідроізоляція Ceresit CR 65","кг",{"v":6,"d":"6.00"},{"v":10.8,"d":"10.80"},null,{"v":0,"d":"0.00"}]
[null,"Грунтування підлоги ","м2",{"v":1.8,"d":"1.80"},null,{"v":0,"d":"0.00"},"Грунтівка Ceresit CT-17","л",{"v":0.2,"d":"0.20"},{"v":0.36000000000000004,"d":"0.36"},null,{"v":0,"d":"0.00"}]
[null,"Улаштування самовирівнюючої стяжки","м2",{"v":1.8,"d":"1.80"},null,{"v":0,"d":"0.00"},"Стяжка самовирівнююча CN-69","кг",{"v":18,"d":"18.00"},{"v":32.4,"d":"32.40"},null,{"v":0,"d":"0.00"}]
[null,"Грунтування підлоги ","м2",{"v":1.8,"d":"1.80"},null,{"v":0,"d":"0.00"},"Грунтівка Ceresit CT-17","л",{"v":0.2,"d":"0.20"},{"v":0.36000000000000004,"d":"0.36"},null,{"v":0,"d":"0.00"}]
[null,"Улаштування покриття підлоги з керамічної плитки","м2",{"v":1.8,"d":"1.80"},null,{"v":0,"d":"0.00"},"Плитка керамічна","м2",{"v":1.1,"d":"1.10"},{"v":1.9800000000000002,"d":"1.98"},null,{"v":0,"d":"0.00"}]
[{"$nulls":6},"Суміш Ceresit CМ-11","кг",{"v":6.5,"d":"6.50"},{"v":11.700000000000001,"d":"11.70"},null,{"v":0,"d":"0.00"}]
[{"$nulls":6},"Затирка Ceresit СЕ-40","кг",{"v":0.4,"d":"0.40"},{"v":0.7200000000000001,"d":"0.72"},null,{"v":0,"d":"0.00"}]
[null,"Установлення зливних трапів","шт",{"v":1,"d":"1.00"},null,{"$f":"D134*E134","v":{"v":0,"d":"0.00"}},"Трап зливний","шт",{"v":1,"d":"1.00"},{"v":1,"d":"1.00"},null,{"v":0,"d":"0.00"}]
[null,"Установлення та підключення душової фурнітури","комплект",{"v":1,"d":"1.00"},null,{"v":0,"d":"0.00"},"Фурнітура душова","комплект",{"v":1,"d":"1.00"},{"v":1,"d":"1.00"},null,{"v":0,"d":"0.00"}]
[null,"Санвузли з умивальником"]
[null,"Стеля"]
[null,"Грунтування стелі СТ17 ","м2",{"v":7.4,"d":"7.40"},null,{"$f":"D138*E138","v":{"v":0,"d":"0.00"}},"Грунтівка Ceresit CT-17","л",{"v":0.2,"d":"0.20"},{"v":1.4800000000000002,"d":"1.48"},null,{"$f":"J138*K138","v":{"v":0,"d":"0.00"}}]
[null,"Штукатурка стелі","м2",{"v":7.4,"d":"7.40"},null,{"v":0,"d":"0.00"},"Штукатурка Ceresit CT-25","кг",{"v":7,"d":"7.00"},{"v":51.800000000000004,"d":"51.80"},null,{"v":0,"d":"0.00"}]
[{"$nulls":6},"Сітка штукатурна скловолокно CT-325","м2",{"v":1.1,"d":"1.10"},8.14,null,{"v":0,"d":"0.00"}]
[null,"Грунтування стелі СТ17 ","м2",{"v":7.4,"d":"7.40"},null,{"$f":"D141*E141","v":{"v":0,"d":"0.00"}},"Грунтівка Ceresit CT-17","л",{"v":0.2,"d":"0.20"},{"v":1.4800000000000002,"d":"1.48"},null,{"v":0,"d":"0.00"}]
[null,"Шпаклювання стелі","м2",{"v":7.4,"d":"7.40"},null,{"v":0,"d":"0.00"},"Шпаклівка гіпсова Кнауф старт ","кг",{"v":3,"d":"3.00"},{"v":22.200000000000003,"d":"22.20"},null,{"v":0,"d":"0.00"}]
[{"$nulls":6},"Шпаклівка гіпсова Кнауф фініш ","кг",{"v":1.8,"d":"1.80"},13.32,null,{"v":0,"d":"0.00"}]
[null,"Грунтування стелі","м2",{"v":7.4,"d":"7.40"},null,{"$f":"D144*E144","v":{"v":0,"d":"0.00"}},"Грунтівка Ceresit CT-16","кг",0.65,{"v":4.8100000000000005,"d":"4.81"},null,{"v":0,"d":"0.00"}]
[null,"Фарбування стелі (2 шари)","м2",{"v":7.4,"d":"7.40"},null,{"v":0,"d":"0.00"},"Фарба водоемульсійна  (Ceresit IN 53+пігмент)","л",0.35,2.59,null,{"v":0,"d":"0.00"}]
[null,"Стіни"]
[null,"Улаштування перегородок з керамічної цегли","м2",{"v":12.7,"d":"12.70"},null,{"$f":"D147*E147","v":{"v":0,"d":"0.00"}},"Цегла керамічна лицювальна","шт",{"v":51,"d":"51.00"},{"v":647.6999999999999,"d":"647.70"},null,{"$f":"J147*K147","v":{"v":0,"d":"0.00"}}]
[{"$nulls":6},"Арматура Ø8 мм","кг",null,{"v":6.5,"d":"6.50"},null,{"v":0,"d":"0.00"}]
[{"$nulls":6},"Сітка кладочна Ø3 50х50","м2",null,{"v":4,"d":"4.00"},null,{"v":0,"d":"0.00"}]
[{"$nulls":6},"Кутик 50х50х4","кг",null,{"v":20,"d":"20.00"},null,{"v":0,"d":"0.00"}]
[{"$nulls":6},"Розчин кладочний М150","м3",null,{"v":1.2,"d":"1.20"},null,{"v":0,"d":"0.00"}]
[null,"Монтаж металопластикових дверей ","м2",1.56,null,{"$f":"D152*E152","v":{"v":0,"d":"0.00"}},"Двері металопластикові","м2",{"v":1,"d":"1.00"},1.56,null,{"v":0,"d":"0.00"}]
[null,"Грунтування стін ","м2",{"v":35.2,"d":"35.20"},null,{"v":0,"d":"0.00"},"Грунтівка Ceresit CT-17","л",{"v":0.2,"d":"0.20"},{"v":7.040000000000001,"d":"7.04"},null,{"v":0,"d":"0.00"}]
[null,"Штукатурка стін по маяках ","м2",{"v":35.2,"d":"35.20"},null,{"v":0,"d":"0.00"},"Маяк штукатурний 10мм","м.п",null,{"v":30,"d":"30.00"},null,{"v":0,"d":"0.00"}]
[{"$nulls":6},"Сітка штукатурна скловолокно CT-325","м2",{"v":1.1,"d":"1.10"},{"v":38.720000000000006,"d":"38.72"},null,{"v":0,"d":"0.00"}]
[{"$nulls":6},"Штукатурка Ceresit CT-25","кг",{"v":45,"d":"45.00"},{"v":1584.0000000000002,"d":"1584.00"},null,{"v":0,"d":"0.00"}]
[null,"Грунтування стін ","м2",{"v":35.2,"d":"35.20"},null,{"$f":"D157*E157","v":{"v":0,"d":"0.00"}},"Грунтівка Ceresit CT-17","л",{"v":0.2,"d":"0.20"},{"v":7.040000000000001,"d":"7.04"},null,{"v":0,"d":"0.00"}]
[null,"Облицювання стін керамічною плиткою ","м2",22.25,null,{"v":0,"d":"0.00"},"Плитка керамічна ","м2",{"v":1.1,"d":"1.10"},{"v":24.475,"d":"24.48"},null,{"v":0,"d":"0.00"}]
[{"$nulls":6},"Суміш Ceresit CМ-11","кг",{"v":6.5,"d":"6.50"},{"v":144.625,"d":"144.63"},null,{"v":0,"d":"0.00"}]
[{"$nulls":6},"Кутик для плитки зовнішній","м",null,{"v":20,"d":"20.00"},null,{"v":0,"d":"0.00"}]
[{"$nulls":6},"Затирка Ceresit СЕ-40","кг",{"v":0.4,"d":"0.40"},{"v":8.9,"d":"8.90"},null,{"v":0,"d":"0.00"}]
[null,"Шпаклювання стін","м2",12.95,null,{"$f":"D162*E162","v":{"v":0,"d":"0.00"}},"Шпаклівка гіпсова Кнауф старт","кг",{"v":3,"d":"3.00"},{"v":38.849999999999994,"d":"38.85"},null,{"v":0,"d":"0.00"}]
[{"$nulls":6},"Шпаклівка гіпсова Кнауф фініш ","кг",{"v":1.8,"d":"1.80"},23.31,null,{"v":0,"d":"0.00"}]
[null,"Грунтування стін ","м2",12.95,null,{"$f":"D164*E164","v":{"v":0,"d":"0.00"}},"Грунтівка Ceresit CT-16","кг",0.65,{"v":8.4175,"d":"8.42"},null,{"v":0,"d":"0.00"}]
[null,"Фарбування стін (2 шари)","м2",12.95,null,{"v":0,"d":"0.00"},"Фарба водоемульсійна  (Ceresit IN 53+пігмент)","л",0.35,{"v":4.5325,"d":"4.53"},null,{"v":0,"d":"0.00"}]
[null,"Грунтування дверних відкосів ","м2",0.53,null,{"v":0,"d":"0.00"},"Грунтівка Ceresit CT-17","л",{"v":0.2,"d":"0.20"},{"v":0.10600000000000001,"d":"0.11"},null,{"v":0,"d":"0.00"}]
[null,"Штукатурка дверних відкосів ","м2",0.53,null,{"v":0,"d":"0.00"},"Штукатурка Ceresit CT-25","кг",{"v":45,"d":"45.00"},23.85,null,{"v":0,"d":"0.00"}]
[{"$nulls":6},"Сітка штукатурна скловолокно CT-325","м2",{"v":1.1,"d":"1.10"},{"v":0.5830000000000001,"d":"0.58"},null,{"v":0,"d":"0.00"}]
[null,"Грунтування дверних відкосів ","м2",0.53,null,{"$f":"D169*E169","v":{"v":0,"d":"0.00"}},"Грунтівка Ceresit CT-17","л",{"v":0.2,"d":"0.20"},{"v":0.10600000000000001,"d":"0.11"},null,{"v":0,"d":"0.00"}]
[null,"Шпаклювання дверних відкосів","м2",0.53,null,{"v":0,"d":"0.00"},"Шпаклівка гіпсова Кнауф старт ","кг",{"v":3,"d":"3.00"},1.59,null,{"v":0,"d":"0.00"}]
[{"$nulls":6},"Шпаклівка гіпсова Кнауф фініш ","кг",{"v":1.8,"d":"1.80"},{"v":0.9540000000000001,"d":"0.95"},null,{"v":0,"d":"0.00"}]
[{"$nulls":6},"Кутик ПВХ перфорований","м",null,{"v":22,"d":"22.00"},null,{"v":0,"d":"0.00"}]
[null,"Грунтування дверних відкосів ","м2",0.53,null,{"$f":"D173*E173","v":{"v":0,"d":"0.00"}},"Грунтівка Ceresit CT-16","кг",0.65,{"v":0.34450000000000003,"d":"0.34"},null,{"v":0,"d":"0.00"}]
[null,"Фарбування дверних відкосів (2 шари)","м2",0.53,null,{"v":0,"d":"0.00"},"Фарба водоемульсійна  (Ceresit IN 53+пігмент)","л",0.35,{"v":0.1855,"d":"0.19"},null,{"v":0,"d":"0.00"}]
[null,"Підлога "]
[null,"Грунтування підлоги","м2",{"v":7.4,"d":"7.40"},null,{"$f":"D176*E176","v":{"v":0,"d":"0.00"}},"Грунтівка Ceresit CT-17","л",{"v":0.2,"d":"0.20"},{"v":1.4800000000000002,"d":"1.48"},null,{"$f":"J176*K176","v":{"v":0,"d":"0.00"}}]
[null,"Улаштування цементно-піщаної стяжки","м2",{"v":7.4,"d":"7.40"},null,{"v":0,"d":"0.00"},"Розчин цементно-піщаний М150","м3",0.05,{"v":0.37000000000000005,"d":"0.37"},null,{"v":0,"d":"0.00"}]
[null,"Грунтування підлоги ","м2",{"v":7.4,"d":"7.40"},null,{"v":0,"d":"0.00"},"Грунтівка Ceresit CT-17","л",{"v":0.2,"d":"0.20"},{"v":1.4800000000000002,"d":"1.48"},null,{"v":0,"d":"0.00"}]
[null,"Улаштування самовирівнюючої стяжки","м2",{"v":7.4,"d":"7.40"},null,{"v":0,"d":"0.00"},"Стяжка самовирівнююча CN-69","кг",{"v":18,"d":"18.00"},{"v":133.20000000000002,"d":"133.20"},null,{"v":0,"d":"0.00"}]
[null,"Грунтування підлоги ","м2",{"v":7.4,"d":"7.40"},null,{"v":0,"d":"0.00"},"Грунтівка Ceresit CT-17","л",{"v":0.2,"d":"0.20"},{"v":1.4800000000000002,"d":"1.48"},null,{"v":0,"d":"0.00"}]
[null,"Улаштування покриття підлоги з керамічної плитки","м2",{"v":7.4,"d":"7.40"},null,{"v":0,"d":"0.00"},"Плитка керамічна","м2",{"v":1.1,"d":"1.10"},8.14,null,{"v":0,"d":"0.00"}]
[{"$nulls":6},"Суміш Ceresit CМ-11","кг",{"v":6.5,"d":"6.50"},{"v":48.1,"d":"48.10"},null,{"v":0,"d":"0.00"}]
[{"$nulls":6},"Затирка Ceresit СЕ-40","кг",{"v":0.4,"d":"0.40"},{"v":2.9600000000000004,"d":"2.96"},null,{"v":0,"d":"0.00"}]
[null,"Електротехнічні роботи"]
[null,"Кабель прокладка перетином від 6 до 35 мм² ","м",{"v":40,"d":"40.00"},null,{"$f":"D185*E185","v":{"v":0,"d":"0.00"}},"Кабель ВВГнгд 3х2.5","м",{"v":1.1,"d":"1.10"},{"v":44,"d":"44.00"},null,{"$f":"J185*K185","v":{"v":0,"d":"0.00"}}]
[null,"Кабель прокладка перетином до 6 мм² ","м",{"v":95,"d":"95.00"},null,{"v":0,"d":"0.00"},"Кабель ВВГнгд 3х1.5","м",{"v":1.1,"d":"1.10"},{"v":104.50000000000001,"d":"104.50"},null,{"v":0,"d":"0.00"}]
[null,"Світильники (настінні  герметичні)","шт",{"v":3,"d":"3.00"},null,{"v":0,"d":"0.00"},"Світильник настінний герметичний","шт",{"v":1,"d":"1.00"},{"v":3,"d":"3.00"},null,{"v":0,"d":"0.00"}]
[null,"Світильники (стельові світлодіодні)","шт",{"v":5,"d":"5.00"},null,{"v":0,"d":"0.00"},"Світильник для стелі 36 Вт (світлодіодна панель 600х600)","шт",{"v":1,"d":"1.00"},{"v":5,"d":"5.00"},null,{"v":0,"d":"0.00"}]
[null,"Розподільча коробка в цегляній стіні (підготовка отвору)","шт",{"v":8,"d":"8.00"},null,{"v":0,"d":"0.00"},"Сатенгіпс","кг",null,{"v":1,"d":"1.00"},null,{"v":0,"d":"0.00"}]
[null,"Розподільча коробка монтаж в підготовлений отвір","шт",{"v":8,"d":"8.00"},null,{"v":0,"d":"0.00"},"Розподільча коробка внутрішня (бетон)","шт",{"v":1,"d":"1.00"},{"v":8,"d":"8.00"},null,{"v":0,"d":"0.00"}]
[null,"Розподільча коробка розпаювання","шт",{"v":8,"d":"8.00"},null,{"v":0,"d":"0.00"},"Ізоляційна стрічка","шт",null,{"v":1,"d":"1.00"},null,{"v":0,"d":"0.00"}]
[null,"Підрозетник в цегляній стіні (підготовка отвору)","шт",{"v":10,"d":"10.00"},null,{"v":0,"d":"0.00"},"Коробка установочна в бетон ","шт",{"v":1,"d":"1.00"},{"v":10,"d":"10.00"},null,{"v":0,"d":"0.00"}]
[null,"Вимикач в існуючий підрозетник, встановлення","шт",{"v":6,"d":"6.00"},null,{"v":0,"d":"0.00"},"Вимикач внутрішній 1-но клавішний","шт",null,{"v":4,"d":"4.00"},null,{"v":0,"d":"0.00"}]
[{"$nulls":6},"Вимикач внутрішній 2-во клавішний","шт",null,{"v":2,"d":"2.00"},null,{"v":0,"d":"0.00"}]
[null,"Розетка в існуючий підрозетник, встановлення","шт",{"v":4,"d":"4.00"},null,{"$f":"D195*E195","v":{"v":0,"d":"0.00"}},"Розетка внутрішня з заземленням 2-на","шт",null,{"v":3,"d":"3.00"},null,{"v":0,"d":"0.00"}]
[{"$nulls":6},"Розетка внутрішня з заземленням 1-на","шт",null,{"v":1,"d":"1.00"},null,{"v":0,"d":"0.00"}]
[null,"Внутрішні мережі каналізації та водопроводу"]
[null,"Прокладання труб каналізаційних","м.п.",{"v":20,"d":"20.00"},null,{"$f":"D198*E198","v":{"v":0,"d":"0.00"}},"Труби каналізаційні ПВХ 110","м",null,{"v":13,"d":"13.00"},null,{"$f":"J198*K198","v":{"v":0,"d":"0.00"}}]
[{"$nulls":6},"Труби каналізаційні ПВХ 50","м",null,{"v":7,"d":"7.00"},null,{"v":0,"d":"0.00"}]
[{"$nulls":6},"Коліна, муфти, перехідники ","шт",null,{"v":15,"d":"15.00"},null,{"v":0,"d":"0.00"}]
[null,"Установлення та підключення унітазів","шт",{"v":2,"d":"2.00"},null,{"$f":"D201*E201","v":{"v":0,"d":"0.00"}},"Унітаз (комплект)","шт",{"v":1,"d":"1.00"},{"v":2,"d":"2.00"},null,{"v":0,"d":"0.00"}]
[null,"Установлення та підключення умивальників","шт",{"v":3,"d":"3.00"},null,{"v":0,"d":"0.00"},"Умивальник","шт",{"v":1,"d":"1.00"},{"v":3,"d":"3.00"},null,{"v":0,"d":"0.00"}]
[{"$nulls":6},"Змішувач для умивальника","шт",{"v":1,"d":"1.00"},{"v":3,"d":"3.00"},null,{"v":0,"d":"0.00"}]
[{"$nulls":6},"Сифон для умивальника","шт",{"v":1,"d":"1.00"},{"v":3,"d":"3.00"},null,{"v":0,"d":"0.00"}]
[{"$nulls":6},"Шланг гнучкий ","шт",{"v":2,"d":"2.00"},{"v":6,"d":"6.00"},null,{"v":0,"d":"0.00"}]
[{"$nulls":6},"П'єдестал під умивальник","шт",{"v":1,"d":"1.00"},{"v":3,"d":"3.00"},null,{"v":0,"d":"0.00"}]
[null,"Монтаж та підключення бойлера","шт",{"v":1,"d":"1.00"},null,{"$f":"D207*E207","v":{"v":0,"d":"0.00"}},"Бойлер","шт",{"v":1,"d":"1.00"},{"v":1,"d":"1.00"},null,{"v":0,"d":"0.00"}]
[{"$nulls":6},"Шланг гнучкий ","шт",{"v":2,"d":"2.00"},{"v":2,"d":"2.00"},null,{"v":0,"d":"0.00"}]
[{"$nulls":6},"Комплект кріплення","шт",{"v":1,"d":"1.00"},{"v":1,"d":"1.00"},null,{"v":0,"d":"0.00"}]
[null,"Прокладання труб водопровідних ","м",{"v":25,"d":"25.00"},null,{"$f":"D210*E210","v":{"v":0,"d":"0.00"}},"Труба ППР 20","м",null,{"v":5,"d":"5.00"},null,{"v":0,"d":"0.00"}]
[{"$nulls":6},"Труба ППР 25","м",null,{"v":15,"d":"15.00"},null,{"v":0,"d":"0.00"}]
[{"$nulls":6},"Труба ПЕ 50","м",null,{"v":5,"d":"5.00"},null,{"v":0,"d":"0.00"}]
[{"$nulls":6},"Коліна, муфти, перехідники, крани ","шт",null,{"v":25,"d":"25.00"},null,{"v":0,"d":"0.00"}]
[null,"Вентиляція"]
[null,"Буріння отворів в стінах під вент короби","м2",0.45,null,{"$f":"D215*E215","v":{"v":0,"d":"0.00"}}]
[null,"Прокладання коробів вентиляційних з оцинкованої сталі","м2",{"v":4.5,"d":"4.50"},null,{"v":0,"d":"0.00"},"Короб вентиляційний з оцинкованої сталі 0,6 мм","м2",{"v":1,"d":"1.00"},{"v":4.5,"d":"4.50"},null,{"$f":"J216*K216","v":{"v":0,"d":"0.00"}}]
[null,"Монтаж фасонних частин","м2",1.55,null,{"v":0,"d":"0.00"},"Перехідники, коліна, муфти, з'єднувачі 0,6 мм","м2",{"v":1,"d":"1.00"},1.55,null,{"v":0,"d":"0.00"}]
[null,"Установка решіток вентиляційних","шт",{"v":4,"d":"4.00"},null,{"v":0,"d":"0.00"},"Решітка вентиляційна","шт",{"v":1,"d":"1.00"},{"v":4,"d":"4.00"},null,{"v":0,"d":"0.00"}]
[null,"Установка вставок гнучких","шт",{"v":2,"d":"2.00"},null,{"v":0,"d":"0.00"},"Вставка гнучка","шт",{"v":1,"d":"1.00"},{"v":2,"d":"2.00"},null,{"v":0,"d":"0.00"}]
[null,"Установка вентиляторів","шт",{"v":1,"d":"1.00"},null,{"v":0,"d":"0.00"},"Вентилятор ","шт",{"v":1,"d":"1.00"},{"v":1,"d":"1.00"},null,{"v":0,"d":"0.00"}]
[null,"Пусконалагоджувальні роботи","шт",{"v":1,"d":"1.00"},null,{"v":0,"d":"0.00"},"Комутаційне обладнання","комплект",{"v":1,"d":"1.00"},{"v":1,"d":"1.00"},null,{"v":0,"d":"0.00"}]
[null,"Інші роботи"]
[null,"Прибирання та винесення сміття (з 2-го поверху)","т",{"v":20,"d":"20.00"},null,{"$f":"D223*E223","v":{"v":0,"d":"0.00"}}]
[null,"Навантаження та вивезення сміття","т",{"v":20,"d":"20.00"},null,{"v":0,"d":"0.00"}]
[{"$nulls":6},"МШП",{"$nulls":4},{"$f":"SUM(L9:L221)*0.07","v":{"v":0,"d":"0.00"}}]
[null,"ВСЬОГО по роботам",{"$nulls":3},{"$f":"SUM(F9:F224)","v":{"v":0,"d":"0.00"}},"ВСЬОГО по матеріалам",{"$nulls":4},{"$f":"SUM(L9:L225)","v":{"v":0,"d":"0.00"}}]
[null,"Всього",{"$nulls":3},{"$f":"F226+L226","v":{"v":0,"d":"0.00"}}]
[null,"ВСЬОГО, з ПДВ",{"$nulls":3},{"$f":"(F226+L226)*1.2","v":{"v":0,"d":"0.00"}}]

{"sheet":"Розділ 5","index":4,"n_rows":249,"n_cols":12,"rows_kept":249,"merged":[[0,0,0,11],[3,0,4,0],[3,1,4,1],[3,2,4,2],[3,3,3,5],[3,6,3,11],[246,1,246,4],[246,6,246,10],[247,1,247,4],[248,1,248,4]]}
["Технічне завдання "]
["Проведення реконструкції спортивної зали в ЗОШ №20, м. Чернігів"]
["Об'єкт: 2-й поверх: трибуни, учительська, чоловіча роздягальня"]
["№п/п","Найменуванння робіт","Од. вим.","Р о б о т а ",null,null,"М а т е р і а л и"]
[{"$nulls":3},"Кіл-сть","Ціна, грн","Сумма, грн","Найменування матеріалів","Од. вим.","Норма  витрат","Кіл-сть","Ціна, грн","Сумма, грн"]
[1,2,3,4,5,6,7,8,9,10,11,12]
[null,"Трибуни"]
[null,"Стеля"]
[null,"Грунтування стелі та балок","м2",{"v":26,"d":"26.00"},null,{"$f":"D9*E9","v":{"v":0,"d":"0.00"}},"Грунтівка Ceresit CT-17","л",{"v":0.2,"d":"0.20"},{"v":5.2,"d":"5.20"},null,{"$f":"J9*K9","v":{"v":0,"d":"0.00"}}]
[null,"Штукатурка стелі та балок по сітці","м2",{"v":26,"d":"26.00"},null,{"v":0,"d":"0.00"},"Штукатурка Ceresit CT-25","кг",{"v":7,"d":"7.00"},{"v":182,"d":"182.00"},null,{"$f":"J10*K10","v":{"v":0,"d":"0.00"}}]
[{"$nulls":6},"Сітка штукатурна скловолокно CT-325","м2",{"v":1.1,"d":"1.10"},{"v":28.6,"d":"28.60"},null,{"v":0,"d":"0.00"}]
[null,"Грунтування стелі та балок","м2",{"v":26,"d":"26.00"},null,{"$f":"D12*E12","v":{"v":0,"d":"0.00"}},"Грунтівка Ceresit CT-17","л",{"v":0.2,"d":"0.20"},{"v":5.2,"d":"5.20"},null,{"v":0,"d":"0.00"}]
[null,"Шпаклювання стелі та балок","м2",{"v":26,"d":"26.00"},null,{"v":0,"d":"0.00"},"Шпаклівка гіпсова Кнауф старт ","кг",{"v":3,"d":"3.00"},{"v":78,"d":"78.00"},null,{"v":0,"d":"0.00"}]
[{"$nulls":6},"Шпаклівка гіпсова Кнауф фініш","кг",{"v":1.8,"d":"1.80"},{"v":46.800000000000004,"d":"46.80"},null,{"v":0,"d":"0.00"}]
[null,"Грунтування стелі та балок","м2",{"v":26,"d":"26.00"},null,{"$f":"D15*E15","v":{"v":0,"d":"0.00"}},"Грунтівка Ceresit CT-16","кг",0.65,{"v":16.900000000000002,"d":"16.90"},null,{"v":0,"d":"0.00"}]
[null,"Фарбування стелі та балок (2 шари)","м2",{"v":26,"d":"26.00"},null,{"v":0,"d":"0.00"},"Фарба водоемульсійна  (Ceresit IN 53+пігмент)","л",0.35,{"v":9.1,"d":"9.10"},null,{"v":0,"d":"0.00"}]
[null,"Стіни",{"$nulls":3},{"v":0,"d":"0.00"}]
[null,"Грунтування стін","м2",{"v":54.3,"d":"54.30"},null,{"v":0,"d":"0.00"},"Грунтівка Ceresit CT-17","л",{"v":0.2,"d":"0.20"},10.86,null,{"$f":"J18*K18","v":{"v":0,"d":"0.00"}}]
[null,"Штукатурка стін по маякам","м2",{"v":54.3,"d":"54.30"},null,{"v":0,"d":"0.00"},"Маяк штукатурний 10мм"]
[{"$nulls":6},"Сітка штукатурна скловолокно CT-325","м2",{"v":1.1,"d":"1.10"},{"v":59.730000000000004,"d":"59.73"},null,{"$f":"J20*K20","v":{"v":0,"d":"0.00"}}]
[{"$nulls":6},"Штукатурка Ceresit CT-25","кг",{"v":7,"d":"7.00"},{"v":380.09999999999997,"d":"380.10"},null,{"$f":"J21*K21","v":{"v":0,"d":"0.00"}}]
[null,"Грунтування стін","м2",{"v":54.3,"d":"54.30"},null,{"$f":"D22*E22","v":{"v":0,"d":"0.00"}},"Грунтівка Ceresit CT-17","л",{"v":0.2,"d":"0.20"},10.86,null,{"v":0,"d":"0.00"}]
[null,"Улаштування перегородок з ГКЛ на металквому каркасі ","м2",{"v":9,"d":"9.00"},null,{"v":0,"d":"0.00"},"Гіпсокартон вологостійкий 12,5мм","м2",{"v":2.1,"d":"2.10"},{"v":18.900000000000002,"d":"18.90"},null,{"v":0,"d":"0.00"}]
[{"$nulls":6},"Профіль направляючий UW100/40","м.п",{"v":0.7,"d":"0.70"},{"v":6.3,"d":"6.30"},null,{"v":0,"d":"0.00"}]
[{"$nulls":6},"Профіль стієчний  СW100/50","м.п",{"v":2,"d":"2.00"},{"v":18,"d":"18.00"},null,{"v":0,"d":"0.00"}]
[{"$nulls":6},"Саморіз по металу 3,5х25","шт",{"v":34,"d":"34.00"},{"v":306,"d":"306.00"},null,{"v":0,"d":"0.00"}]
[{"$nulls":6},"Саморіз по металу 3,5х9,5","шт",{"v":15,"d":"15.00"},{"v":135,"d":"135.00"},null,{"v":0,"d":"0.00"}]
[{"$nulls":6},"Дюбель 6х40","шт",{"v":1.5,"d":"1.50"},{"v":13.5,"d":"13.50"},null,{"v":0,"d":"0.00"}]
[{"$nulls":6},"Мінеральна вата 100мм","м2",{"v":1.1,"d":"1.10"},{"v":9.9,"d":"9.90"},null,{"v":0,"d":"0.00"}]
[null,"Монтаж металопластикових дверей ","м2",{"v":1.6,"d":"1.60"},null,{"$f":"D30*E30","v":{"v":0,"d":"0.00"}},"Двері металопластикові","м2",{"v":1,"d":"1.00"},{"v":1.6,"d":"1.60"},null,{"v":0,"d":"0.00"}]
[null,"Шпаклювання стін ","м2",{"v":54.3,"d":"54.30"},null,{"v":0,"d":"0.00"},"Шпаклівка гіпсова Кнауф старт ","кг",{"v":3,"d":"3.00"},{"v":162.89999999999998,"d":"162.90"},null,{"v":0,"d":"0.00"}]
[{"$nulls":6},"Шпаклівка гіпсова Кнауф фініш","кг",{"v":1.8,"d":"1.80"},97.74,null,{"v":0,"d":"0.00"}]
[null,"Грунтування стін","м2",{"v":54.3,"d":"54.30"},null,{"$f":"D33*E33","v":{"v":0,"d":"0.00"}},"Грунтівка Ceresit CT-16","кг",0.65,{"v":35.295,"d":"35.30"},null,{"v":0,"d":"0.00"}]
[null,"Фарбування стін (2 шари)","м2",{"v":54.3,"d":"54.30"},null,{"v":0,"d":"0.00"},"Фарба водоемульсійна  (Ceresit IN 53+пігмент)","л",0.35,{"v":19.005,"d":"19.01"},null,{"v":0,"d":"0.00"}]
[null,"Пробивання дверного прорізу ","шт",{"v":1,"d":"1.00"},null,{"v":0,"d":"0.00"}]
[null,"Очистка труб опалення від старої фарби","м.п.",{"v":6,"d":"6.00"},null,{"v":0,"d":"0.00"}]
[null,"Фарбування труб опалення емаллю за 2 рази","м.п.",{"v":6,"d":"6.00"},null,{"v":0,"d":"0.00"},"Емаль для радіаторів","кг",{"v":0.4,"d":"0.40"},{"v":2.4000000000000004,"d":"2.40"},null,{"$f":"J37*K37","v":{"v":0,"d":"0.00"}}]
[null,"Штукатурка дверних відкосів ","м2",{"v":1.1,"d":"1.10"},null,{"v":0,"d":"0.00"},"Штукатурка Ceresit CT-25","кг",{"v":7,"d":"7.00"},{"v":7.700000000000001,"d":"7.70"},null,{"$f":"J38*K38","v":{"v":0,"d":"0.00"}}]
[{"$nulls":6},"Сітка штукатурна скловолокно CT-325","м2",{"v":1.1,"d":"1.10"},{"v":1.2100000000000002,"d":"1.21"},null,{"v":0,"d":"0.00"}]
[null,"Грунтування дверних відкосів ","м2",{"v":1.1,"d":"1.10"},null,{"$f":"D40*E40","v":{"v":0,"d":"0.00"}},"Грунтівка Ceresit CT-16","л",0.65,{"v":0.7150000000000001,"d":"0.72"},null,{"v":0,"d":"0.00"}]
[null,"Шпаклювання дверних відкосів","м2",{"v":1.1,"d":"1.10"},null,{"v":0,"d":"0.00"},"Шпаклівка гіпсова Кнауф старт","кг",{"v":3,"d":"3.00"},{"v":3.3000000000000003,"d":"3.30"},null,{"v":0,"d":"0.00"}]
[{"$nulls":6},"Шпаклівка гіпсова Кнауф фініш","кг",{"v":1.8,"d":"1.80"},{"v":1.9800000000000002,"d":"1.98"},null,{"v":0,"d":"0.00"}]
[{"$nulls":6},"Кутик ПВХ перфорований","м",null,{"v":12,"d":"12.00"},null,{"v":0,"d":"0.00"}]
[null,"Грунтування дверних відкосів ","м2",{"v":1.1,"d":"1.10"},null,{"$f":"D44*E44","v":{"v":0,"d":"0.00"}},"Грунтівка Ceresit CT-16","кг",0.65,{"v":0.7150000000000001,"d":"0.72"},null,{"v":0,"d":"0.00"}]
[null,"Фарбування дверних відкосів (2 шари)","м2",{"v":1.1,"d":"1.10"},null,{"v":0,"d":"0.00"},"Фарба водоемульсійна  (Ceresit IN 53+пігмент)","л",0.35,{"v":0.385,"d":"0.39"},null,{"v":0,"d":"0.00"}]
[null,"Підлога ",{"$nulls":3},{"v":0,"d":"0.00"}]
[null,"Грунтування підлоги","м2",{"v":22.4,"d":"22.40"},null,{"$f":"E47*D47","v":{"v":0,"d":"0.00"}},"Грунтівка Ceresit CT-17","л",{"v":0.2,"d":"0.20"},{"v":4.4799999999999995,"d":"4.48"},null,{"$f":"J47*K47","v":{"v":0,"d":"0.00"}}]
[null,"Улаштування покриття з лінолеуму","м2",{"v":22.4,"d":"22.40"},null,{"$f":"D48*E48","v":{"v":0,"d":"0.00"}},"Лінолеум ","м2",{"v":1.2,"d":"1.20"},26.88,null,{"$f":"J48*K48","v":{"v":0,"d":"0.00"}}]
[{"$nulls":6},"Клей для лінолеуму","кг",null,{"v":5,"d":"5.00"},null,{"v":0,"d":"0.00"}]
[{"$nulls":6},"Шнур для лінолеуму","м.п",null,{"v":10,"d":"10.00"},null,{"v":0,"d":"0.00"}]
[null,"Улаштування плінтусів з лінолеуму","м.п.",{"v":15,"d":"15.00"},null,{"$f":"E51*D51","v":{"v":0,"d":"0.00"}},"Лінолеум ","м2",{"v":0.2,"d":"0.20"},{"v":3.5999999999999996,"d":"3.60"},null,{"v":0,"d":"0.00"}]
[{"$nulls":6},"Клей для лінолеуму","кг",null,{"v":1,"d":"1.00"},null,{"v":0,"d":"0.00"}]
[{"$nulls":6},"Шнур для лінолеуму","м.п",null,{"v":2,"d":"2.00"},null,{"v":0,"d":"0.00"}]
[null,"Роздягальня чоловіча",{"$nulls":3},{"$f":"D54*E54","v":{"v":0,"d":"0.00"}}]
[null,"Стеля",{"$nulls":3},{"v":0,"d":"0.00"}]
[null,"Грунтування стелі","м2",{"v":7,"d":"7.00"},null,{"v":0,"d":"0.00"},"Грунтівка Ceresit CT-17","л",{"v":0.2,"d":"0.20"},{"v":1.4000000000000001,"d":"1.40"},null,{"$f":"J56*K56","v":{"v":0,"d":"0.00"}}]
[null,"Штукатурка стелі по сітці","м2",{"v":7,"d":"7.00"},null,{"v":0,"d":"0.00"},"Штукатурка Ceresit CT-25","кг",{"v":7,"d":"7.00"},{"v":49,"d":"49.00"},null,{"$f":"J57*K57","v":{"v":0,"d":"0.00"}}]
[{"$nulls":6},"Сітка штукатурна скловолокно CT-325","м2",{"v":1.1,"d":"1.10"},{"v":7.700000000000001,"d":"7.70"},null,{"v":0,"d":"0.00"}]
[null,"Грунтування стелі","м2",{"v":24.4,"d":"24.40"},null,{"$f":"D59*E59","v":{"v":0,"d":"0.00"}},"Грунтівка Ceresit CT-17","л",{"v":0.2,"d":"0.20"},4.88,null,{"v":0,"d":"0.00"}]
[null,"Шпаклювання стелі","м2",{"v":24.4,"d":"24.40"},null,{"v":0,"d":"0.00"},"Шпаклівка гіпсова Кнауф старт ","кг",{"v":3,"d":"3.00"},{"v":73.19999999999999,"d":"73.20"},null,{"v":0,"d":"0.00"}]
[{"$nulls":6},"Шпаклівка гіпсова Кнауф фініш ","кг",{"v":1.8,"d":"1.80"},43.92,null,{"v":0,"d":"0.00"}]
[null,"Грунтування стелі","м2",{"v":24.4,"d":"24.40"},null,{"$f":"D62*E62","v":{"v":0,"d":"0.00"}},"Грунтівка Ceresit CT-16","кг",0.65,15.86,null,{"v":0,"d":"0.00"}]
[null,"Фарбування стелі (2 шари)","м2",{"v":24.4,"d":"24.40"},null,{"v":0,"d":"0.00"},"Фарба водоемульсійна  (Ceresit IN 53+пігмент)","л",0.35,8.54,null,{"v":0,"d":"0.00"}]
[null,"Стіни ",{"$nulls":3},{"v":0,"d":"0.00"}]
[null,"Улаштування перегородок з ГКЛ на металквому каркасі ","м2",{"v":3.5,"d":"3.50"},null,{"v":0,"d":"0.00"},"Гіпсокартон вологостійкий 12,5мм","м2",{"v":2.1,"d":"2.10"},{"v":7.3500000000000005,"d":"7.35"},null,{"$f":"J65*K65","v":{"v":0,"d":"0.00"}}]
[{"$nulls":6},"Профіль направляючий UW100/40","м.п",{"v":0.7,"d":"0.70"},{"v":2.4499999999999997,"d":"2.45"},null,{"v":0,"d":"0.00"}]
[{"$nulls":6},"Профіль стієчний  СW100/50","м.п",{"v":2,"d":"2.00"},{"v":7,"d":"7.00"},null,{"v":0,"d":"0.00"}]
[{"$nulls":6},"Саморіз по металу 3,5х25","шт",{"v":34,"d":"34.00"},{"v":119,"d":"119.00"},null,{"$f":"J68*K68","v":{"v":0,"d":"0.00"}}]
[{"$nulls":6},"Саморіз по металу 3,5х9,5","шт",{"v":15,"d":"15.00"},{"v":52.5,"d":"52.50"},null,{"v":0,"d":"0.00"}]
[{"$nulls":6},"Дюбель 6х40","шт",{"v":1.5,"d":"1.50"},5.25,null,{"v":0,"d":"0.00"}]
[{"$nulls":6},"Мінеральна вата 100мм","м2",{"v":1.1,"d":"1.10"},{"v":3.8500000000000005,"d":"3.85"},null,{"v":0,"d":"0.00"}]
[null,"Монтаж металопластикових дверей ","м2",{"v":1.6,"d":"1.60"},null,{"$f":"D72*E72","v":{"v":0,"d":"0.00"}},"Двері металопластикові","м2",{"v":1,"d":"1.00"},{"v":1.6,"d":"1.60"},null,{"v":0,"d":"0.00"}]
[null,"Очистка труб опалення від старої фарби","м.п.",{"v":15,"d":"15.00"},null,{"v":0,"d":"0.00"}]
[null,"Фарбування труб опалення (2 шари)","м.п.",{"v":15,"d":"15.00"},null,{"v":0,"d":"0.00"},"Емаль для радіаторів","кг",{"v":0.4,"d":"0.40"},{"v":6,"d":"6.00"},null,{"$f":"J74*K74","v":{"v":0,"d":"0.00"}}]
[null,"Очищення радіаторів опалення від старої фарби","секция",{"v":7,"d":"7.00"},null,{"v":0,"d":"0.00"}]
[null,"Фарбування радіаторів опалення (2 шари)","секция",{"v":7,"d":"7.00"},null,{"v":0,"d":"0.00"},"Емаль для радіаторів","л",{"v":0.4,"d":"0.40"},{"v":2.8000000000000003,"d":"2.80"},null,{"$f":"J76*K76","v":{"v":0,"d":"0.00"}}]
[null,"Грунтування віконних відкосів ","м2",2.33,null,{"v":0,"d":"0.00"},"Грунтівка Ceresit CT-16","кг",0.65,{"v":1.5145000000000002,"d":"1.51"},null,{"v":0,"d":"0.00"}]
[null,"Приклейка мінеральної вати на відкоси","м2",{"v":1.6,"d":"1.60"},null,{"$f":"E78*D78","v":{"v":0,"d":"0.00"}},"Суміш Ceresit CT-82","кг",{"v":6,"d":"6.00"},{"v":9.600000000000001,"d":"9.60"},null,{"v":0,"d":"0.00"}]
[{"$nulls":6},"Мінеральна вата 50мм","м2",{"v":1.1,"d":"1.10"},{"v":1.7600000000000002,"d":"1.76"},null,{"v":0,"d":"0.00"}]
[null,"Штукатурка віконних відкосів","м2",{"v":1.6,"d":"1.60"},null,{"$f":"E80*D80","v":{"v":0,"d":"0.00"}},"Суміш Ceresit CT-82","кг",{"v":6,"d":"6.00"},{"v":9.600000000000001,"d":"9.60"},null,{"v":0,"d":"0.00"}]
[{"$nulls":6},"Сітка штукатурна скловолокно CT-325","м2",{"v":1.1,"d":"1.10"},{"v":1.7600000000000002,"d":"1.76"},null,{"v":0,"d":"0.00"}]
[null,"Грунтування віконних відкосів ","м2",{"v":1.6,"d":"1.60"},null,{"$f":"E82*D82","v":{"v":0,"d":"0.00"}},"Грунтівка Ceresit CT-17","л",{"v":0.2,"d":"0.20"},{"v":0.32000000000000006,"d":"0.32"},null,{"v":0,"d":"0.00"}]
[null,"Шпаклювання віконних відкосів ","м2",{"v":1.6,"d":"1.60"},null,{"v":0,"d":"0.00"},"Шпаклівка гіпсова Кнауф старт ","кг",{"v":3,"d":"3.00"},{"v":4.800000000000001,"d":"4.80"},null,{"v":0,"d":"0.00"}]
[{"$nulls":6},"Шпаклівка гіпсова Кнауф фініш ","кг",{"v":1.8,"d":"1.80"},{"v":2.8800000000000003,"d":"2.88"},null,{"v":0,"d":"0.00"}]
[{"$nulls":6},"Кутик ПВХ  перфорований","м",null,{"v":5,"d":"5.00"},null,{"v":0,"d":"0.00"}]
[null,"Грунтування віконних відкосів ","м2",{"v":1.6,"d":"1.60"},null,{"$f":"E86*D86","v":{"v":0,"d":"0.00"}},"Грунтівка Ceresit CT-16","кг",0.65,1.04,null,{"v":0,"d":"0.00"}]
[null,"Фарбування віконних відкосів (2 шари)","м2",{"v":1.6,"d":"1.60"},null,{"v":0,"d":"0.00"},"Фарба водоемульсійна  (Ceresit IN 53+пігмент)","л",0.35,{"v":0.5599999999999999,"d":"0.56"},null,{"v":0,"d":"0.00"}]
[null,"Грунтування стін СТ17","м2",{"v":36.4,"d":"36.40"},null,{"$f":"D88*E88","v":{"v":0,"d":"0.00"}},"Грунтівка Ceresit CT-17","л",{"v":0.2,"d":"0.20"},7.28,null,{"v":0,"d":"0.00"}]
[null,"Штукатурка стін по маяках ","м2",{"v":36.4,"d":"36.40"},null,{"v":0,"d":"0.00"},"Маяк штукатурний 10мм","м.п",null,{"v":30,"d":"30.00"},null,{"v":0,"d":"0.00"}]
[{"$nulls":6},"Сітка штукатурна скловолокно CT-325","м2",{"v":1.1,"d":"1.10"},40.04,null,{"v":0,"d":"0.00"}]
[{"$nulls":6},"Штукатурка Ceresit CT-25","кг",{"v":45,"d":"45.00"},{"v":1638,"d":"1638.00"},null,{"v":0,"d":"0.00"}]
[null,"Грунтування стін ","м2",{"v":36.4,"d":"36.40"},null,{"$f":"D92*E92","v":{"v":0,"d":"0.00"}},"Грунтівка Ceresit CT-17","л",{"v":0.2,"d":"0.20"},7.28,null,{"v":0,"d":"0.00"}]
[null,"Облицювання стін керамічною плиткою ","м2",22.25,null,{"$f":"E93*D93","v":{"v":0,"d":"0.00"}},"Плитка керамічна ","м2",{"v":1.1,"d":"1.10"},{"v":24.475,"d":"24.48"},null,{"v":0,"d":"0.00"}]
[{"$nulls":6},"Суміш Ceresit CМ-11","кг",{"v":6.5,"d":"6.50"},{"v":144.625,"d":"144.63"},null,{"v":0,"d":"0.00"}]
[{"$nulls":6},"Кутик для плитки зовнішній","м",null,{"v":20,"d":"20.00"},null,{"v":0,"d":"0.00"}]
[{"$nulls":6},"Затирка Ceresit СЕ-40","кг",{"v":0.4,"d":"0.40"},{"v":8.9,"d":"8.90"},null,{"v":0,"d":"0.00"}]
[null,"Шпаклювання стін","м2",14.15,null,{"$f":"E97*D97","v":{"v":0,"d":"0.00"}},"Шпаклівка гіпсова Кнауф старт","кг",{"v":3,"d":"3.00"},42.45,null,{"v":0,"d":"0.00"}]
[{"$nulls":6},"Шпаклівка гіпсова Кнауф фініш ","кг",{"v":1.8,"d":"1.80"},{"v":25.470000000000002,"d":"25.47"},null,{"v":0,"d":"0.00"}]
[null,"Грунтування стін ","м2",14.15,null,{"$f":"E99*D99","v":{"v":0,"d":"0.00"}},"Грунтівка Ceresit CT-16","кг",0.65,{"v":9.1975,"d":"9.20"},null,{"v":0,"d":"0.00"}]
[null,"Фарбування стін (2 шари)","м2",14.15,null,{"v":0,"d":"0.00"},"Фарба водоемульсійна  (Ceresit IN 53+пігмент)","л",0.35,{"v":4.9525,"d":"4.95"},null,{"v":0,"d":"0.00"}]
[null,"Монтаж металопластикових дверей ","м2",{"v":1.8,"d":"1.80"},null,{"v":0,"d":"0.00"},"Двері металопластикові","м2",{"v":1,"d":"1.00"},{"v":1.8,"d":"1.80"},null,{"v":0,"d":"0.00"}]
[null,"Душова кабіна"]
[null,"Цегляна кладка душової кабіни з керамічної цегли","м2",{"v":7.5,"d":"7.50"},null,{"$f":"D103*E103","v":{"v":0,"d":"0.00"}},"Цегла керамічна рядова","шт",{"v":51,"d":"51.00"},{"v":382.5,"d":"382.50"},null,{"$f":"J103*K103","v":{"v":0,"d":"0.00"}}]
[{"$nulls":6},"Арматура Ø8 мм","кг",null,{"v":6.5,"d":"6.50"},null,{"v":0,"d":"0.00"}]
[{"$nulls":6},"Сітка кладочна Ø3 50х50","м2",null,{"v":2.2,"d":"2.20"},null,{"v":0,"d":"0.00"}]
[{"$nulls":6},"Кутик 50х50х4","кг",null,{"v":6.8,"d":"6.80"},null,{"v":0,"d":"0.00"}]
[{"$nulls":6},"Розчин кладочний М150","м3",null,0.65,null,{"v":0,"d":"0.00"}]
[null,"Грунтування стін","м2",13.62,null,{"$f":"E108*D108","v":{"v":0,"d":"0.00"}},"Грунтівка Ceresit CT-17","л",{"v":0.2,"d":"0.20"},{"v":2.724,"d":"2.72"},null,{"v":0,"d":"0.00"}]
[null,"Штукатурка стін по маяках ","м2",13.62,null,{"v":0,"d":"0.00"},"Маяк штукатурний 10мм","м.п",null,{"v":15,"d":"15.00"},null,{"v":0,"d":"0.00"}]
[{"$nulls":6},"Сітка штукатурна скловолокно CT-325","м2",{"v":1.1,"d":"1.10"},{"v":14.982000000000001,"d":"14.98"},null,{"v":0,"d":"0.00"}]
[{"$nulls":6},"Штукатурка Ceresit CT-25","кг",{"v":45,"d":"45.00"},{"v":612.9,"d":"612.90"},null,{"v":0,"d":"0.00"}]
[null,"Гідроізоляція стін","м2",13.62,null,{"$f":"D112*E112","v":{"v":0,"d":"0.00"}},"Гідроізоляція Ceresit CR 65","кг",{"v":6,"d":"6.00"},81.72,null,{"v":0,"d":"0.00"}]
[null,"Грунтування стін ","м2",13.62,null,{"$f":"E113*D113","v":{"v":0,"d":"0.00"}},"Грунтівка Ceresit CT-17","л",{"v":0.2,"d":"0.20"},{"v":2.724,"d":"2.72"},null,{"v":0,"d":"0.00"}]
[null,"Облицювання стін керамічною плиткою ","м2",13.62,null,{"v":0,"d":"0.00"},"Плитка керамічна ","м2",{"v":1.1,"d":"1.10"},{"v":14.982000000000001,"d":"14.98"},null,{"v":0,"d":"0.00"}]
[{"$nulls":6},"Суміш Ceresit CМ-11","кг",{"v":6.5,"d":"6.50"},88.53,null,{"v":0,"d":"0.00"}]
[{"$nulls":6},"Кутик для плитки зовнішній","м",null,{"v":6,"d":"6.00"},null,{"v":0,"d":"0.00"}]
[{"$nulls":6},"Затирка Ceresit СЕ-40","кг",{"v":0.4,"d":"0.40"},{"v":5.448,"d":"5.45"},null,{"v":0,"d":"0.00"}]
[null,"Монтаж металопластикових дверей ","м2",{"v":1.5,"d":"1.50"},null,{"$f":"E118*D118","v":{"v":0,"d":"0.00"}},"Двері металопластикові","м2",{"v":1,"d":"1.00"},{"v":1.5,"d":"1.50"},null,{"v":0,"d":"0.00"}]
[null,"Грунтування підлоги","м2",{"v":1.8,"d":"1.80"},null,{"v":0,"d":"0.00"},"Грунтівка Ceresit CT-17","л",{"v":0.2,"d":"0.20"},{"v":0.36000000000000004,"d":"0.36"},null,{"v":0,"d":"0.00"}]
[null,"Улаштування цементно-піщаної стяжки","м2",{"v":1.8,"d":"1.80"},null,{"v":0,"d":"0.00"},"Розчин цементно-піщаний М150","м3",0.05,{"v":0.09000000000000001,"d":"0.09"},null,{"v":0,"d":"0.00"}]
[null,"Улаштування гідроізоляції","м2",{"v":1.8,"d":"1.80"},null,{"v":0,"d":"0.00"},"Гідроізоляція Ceresit CR 65","кг",{"v":6,"d":"6.00"},{"v":10.8,"d":"10.80"},null,{"v":0,"d":"0.00"}]
[null,"Грунтування підлоги ","м2",{"v":1.8,"d":"1.80"},null,{"v":0,"d":"0.00"},"Грунтівка Ceresit CT-17","л",{"v":0.2,"d":"0.20"},{"v":0.36000000000000004,"d":"0.36"},null,{"v":0,"d":"0.00"}]
[null,"Улаштування самовирівнюючої стяжки","м2",{"v":1.8,"d":"1.80"},null,{"v":0,"d":"0.00"},"Стяжка самовирівнююча CN-69","кг",{"v":18,"d":"18.00"},{"v":32.4,"d":"32.40"},null,{"v":0,"d":"0.00"}]
[null,"Грунтування підлоги ","м2",{"v":1.8,"d":"1.80"},null,{"v":0,"d":"0.00"},"Грунтівка Ceresit CT-17","л",{"v":0.2,"d":"0.20"},{"v":0.36000000000000004,"d":"0.36"},null,{"v":0,"d":"0.00"}]
[null,"Улаштування покриття підлоги з керамічної плитки","м2",{"v":1.8,"d":"1.80"},null,{"v":0,"d":"0.00"},"Плитка керамічна","м2",{"v":1.1,"d":"1.10"},{"v":1.9800000000000002,"d":"1.98"},null,{"v":0,"d":"0.00"}]
[{"$nulls":6},"Суміш Ceresit CМ-11","кг",{"v":6.5,"d":"6.50"},{"v":11.700000000000001,"d":"11.70"},null,{"v":0,"d":"0.00"}]
[{"$nulls":6},"Затирка Ceresit СЕ-40","кг",{"v":0.4,"d":"0.40"},{"v":0.7200000000000001,"d":"0.72"},null,{"v":0,"d":"0.00"}]
[null,"Установлення зливних трапів","шт",{"v":1,"d":"1.00"},null,{"$f":"E128*D128","v":{"v":0,"d":"0.00"}},"Трап зливний","шт",{"v":1,"d":"1.00"},{"v":1,"d":"1.00"},null,{"v":0,"d":"0.00"}]
[null,"Установлення та підключення душової фурнітури","комплект",{"v":1,"d":"1.00"},null,{"v":0,"d":"0.00"},"Фурнітура душова","комплект",{"v":1,"d":"1.00"},{"v":1,"d":"1.00"},null,{"v":0,"d":"0.00"}]
[null,"Підлога",{"$nulls":3},{"$f":"D130*E130","v":{"v":0,"d":"0.00"}}]
[null,"Грунтування підлоги","м2",{"v":16.8,"d":"16.80"},null,{"v":0,"d":"0.00"},"Грунтівка Ceresit CT-17","л",{"v":0.2,"d":"0.20"},{"v":3.3600000000000003,"d":"3.36"},null,{"$f":"J131*K131","v":{"v":0,"d":"0.00"}}]
[null,"Улаштування самовирівнюючої стяжки","м2",{"v":16.8,"d":"16.80"},null,{"v":0,"d":"0.00"},"Стяжка самовирівнююча CN-69","кг",{"v":18,"d":"18.00"},{"v":302.40000000000003,"d":"302.40"},null,{"v":0,"d":"0.00"}]
[null,"Улаштування покриття підлоги з керамічної плитки","м2",{"v":16.8,"d":"16.80"},null,{"v":0,"d":"0.00"},"Плитка керамічна ","м2",{"v":1.1,"d":"1.10"},{"v":18.480000000000004,"d":"18.48"},null,{"v":0,"d":"0.00"}]
[{"$nulls":6},"Суміш Ceresit CМ-11","кг",{"v":6.5,"d":"6.50"},{"v":109.2,"d":"109.20"},null,{"v":0,"d":"0.00"}]
[{"$nulls":6},"Затирка Ceresit СЕ-40","кг",{"v":0.4,"d":"0.40"},{"v":6.720000000000001,"d":"6.72"},null,{"v":0,"d":"0.00"}]
[null,"Сходова клітина на 2-гий поверх",{"$nulls":3},{"$f":"D136*E136","v":{"v":0,"d":"0.00"}}]
[null,"Стеля",{"$nulls":3},{"v":0,"d":"0.00"}]
[null,"Грунтування стелі","м2",{"v":5.9,"d":"5.90"},null,{"v":0,"d":"0.00"},"Грунтівка Ceresit CT-17","л",{"v":0.2,"d":"0.20"},{"v":1.1800000000000002,"d":"1.18"},null,{"$f":"J138*K138","v":{"v":0,"d":"0.00"}}]
[null,"Штукатурка стелі по сітці","м2",{"v":5.9,"d":"5.90"},null,{"v":0,"d":"0.00"},"Сітка штукатурна скловолокно CT-325","м2",{"v":1.1,"d":"1.10"},{"v":6.490000000000001,"d":"6.49"},null,{"v":0,"d":"0.00"}]
[{"$nulls":6},"Штукатурка Ceresit CT-25","кг",{"v":7,"d":"7.00"},{"v":0,"d":"0.00"},null,{"v":0,"d":"0.00"}]
[null,"Грунтування стелі","м2",{"v":5.9,"d":"5.90"},null,{"$f":"D141*E141","v":{"v":0,"d":"0.00"}},"Грунтівка Ceresit CT-17","л",{"v":0.2,"d":"0.20"},{"v":1.1800000000000002,"d":"1.18"},null,{"v":0,"d":"0.00"}]
[null,"Шпаклювання стелі","м2",{"v":5.9,"d":"5.90"},null,{"v":0,"d":"0.00"},"Шпаклівка гіпсова Кнауф старт ","кг",{"v":3,"d":"3.00"},{"v":17.700000000000003,"d":"17.70"},null,{"v":0,"d":"0.00"}]
[{"$nulls":6},"Шпаклівка гіпсова Кнауф фініш","кг",{"v":1.8,"d":"1.80"},{"v":0,"d":"0.00"},null,{"v":0,"d":"0.00"}]
[null,"Грунтування стелі","м2",{"v":5.9,"d":"5.90"},null,{"$f":"D144*E144","v":{"v":0,"d":"0.00"}},"Грунтівка Ceresit CT-16","кг",0.65,{"v":3.8350000000000004,"d":"3.84"},null,{"v":0,"d":"0.00"}]
[null,"Фарбування стелі (2 шари)","м2",{"v":5.9,"d":"5.90"},null,{"v":0,"d":"0.00"},"Фарба водоемульсійна  (Ceresit IN 53+пігмент)","л",0.35,{"v":2.065,"d":"2.07"},null,{"v":0,"d":"0.00"}]
[null,"Стіни ",{"$nulls":3},{"v":0,"d":"0.00"}]
[null,"Підсилення дверного прорізу","т",{"v":0.3,"d":"0.30"},null,{"v":0,"d":"0.00"},"Конструкції металеві","т",null,{"v":0.3,"d":"0.30"},null,{"$f":"J147*K147","v":{"v":0,"d":"0.00"}}]
[null,"Грунтування стін ","м2",19.31,null,{"v":0,"d":"0.00"},"Грунтівка Ceresit CT-17","л",{"v":0.2,"d":"0.20"},{"v":3.862,"d":"3.86"},null,{"v":0,"d":"0.00"}]
[null,"Штукатурка стін по маяках ","м2",{"v":5.7,"d":"5.70"},null,{"v":0,"d":"0.00"},"Маяк штукатурний 10мм",null,null,{"v":0,"d":"0.00"},null,{"v":0,"d":"0.00"}]
[{"$nulls":6},"Сітка штукатурна скловолокно CT-325","м2",{"v":1.1,"d":"1.10"},{"v":6.2700000000000005,"d":"6.27"},null,{"v":0,"d":"0.00"}]
[{"$nulls":6},"Штукатурка Ceresit CT-25","кг",{"v":7,"d":"7.00"},{"v":39.9,"d":"39.90"},null,{"v":0,"d":"0.00"}]
[null,"Грунтування стін ","м2",{"v":20.2,"d":"20.20"},null,{"$f":"D152*E152","v":{"v":0,"d":"0.00"}},"Грунтівка Ceresit CT-17","л",{"v":0.2,"d":"0.20"},4.04,null,{"v":0,"d":"0.00"}]
[null,"Шпаклювання стін","м2",{"v":29.2,"d":"29.20"},null,{"v":0,"d":"0.00"},"Шпаклівка гіпсова Кнауф старт","кг",{"v":3,"d":"3.00"},{"v":87.6,"d":"87.60"},null,{"v":0,"d":"0.00"}]
[{"$nulls":6},"Шпаклівка гіпсова Кнауф фініш","кг",{"v":1.8,"d":"1.80"},52.56,null,{"v":0,"d":"0.00"}]
[null,"Грунтування стін ","м2",{"v":29.2,"d":"29.20"},null,{"$f":"D155*E155","v":{"v":0,"d":"0.00"}},"Грунтівка Ceresit CT-16","кг",0.65,18.98,null,{"v":0,"d":"0.00"}]
[null,"Фарбування стін (2 шари)","м2",{"v":29.2,"d":"29.20"},null,{"v":0,"d":"0.00"},"Фарба водоемульсійна  (Ceresit IN 53+пігмент)","л",0.35,{"v":10.219999999999999,"d":"10.22"},null,{"v":0,"d":"0.00"}]
[null,"Грунтування відкосів ","м2",{"v":0.7,"d":"0.70"},null,{"v":0,"d":"0.00"},"Грунтівка Ceresit CT-17","л",{"v":0.2,"d":"0.20"},{"v":0.13999999999999999,"d":"0.14"},null,{"v":0,"d":"0.00"}]
[null,"Штукатурка відкосів ","м2",{"v":0.7,"d":"0.70"},null,{"v":0,"d":"0.00"},"Штукатурка Ceresit CT-25","кг",{"v":7,"d":"7.00"},{"v":4.8999999999999995,"d":"4.90"},null,{"v":0,"d":"0.00"}]
[{"$nulls":6},"Сітка штукатурна скловолокно CT-325","м2",{"v":1.1,"d":"1.10"},0.77,null,{"v":0,"d":"0.00"}]
[null,"Грунтування відкосів ","м2",{"v":0.7,"d":"0.70"},null,{"$f":"D160*E160","v":{"v":0,"d":"0.00"}},"Грунтівка Ceresit CT-17","л",{"v":0.2,"d":"0.20"},{"v":0.13999999999999999,"d":"0.14"},null,{"v":0,"d":"0.00"}]
[null,"Шпаклювання відкосів ","м2",{"v":0.7,"d":"0.70"},null,{"v":0,"d":"0.00"},"Шпаклівка гіпсова Кнауф старт ","кг",{"v":3,"d":"3.00"},{"v":2.0999999999999996,"d":"2.10"},null,{"v":0,"d":"0.00"}]
[{"$nulls":6},"Шпаклівка гіпсова Кнауф фініш","кг",{"v":1.8,"d":"1.80"},1.26,null,{"v":0,"d":"0.00"}]
[{"$nulls":6},"Кутик ПВХ перфорований","м",null,{"v":0,"d":"0.00"},null,{"v":0,"d":"0.00"}]
[null,"Грунтування відкосів ","м2",{"v":0.7,"d":"0.70"},null,{"$f":"D164*E164","v":{"v":0,"d":"0.00"}},"Грунтівка Ceresit CT-16","кг",0.65,{"v":0.45499999999999996,"d":"0.46"},null,{"v":0,"d":"0.00"}]
[null,"Фарбування відкосів (2 шари)","м2",{"v":0.7,"d":"0.70"},null,{"v":0,"d":"0.00"},"Фарба водоемульсійна  (Ceresit IN 53+пігмент)","л",0.35,{"v":0.24499999999999997,"d":"0.25"},null,{"v":0,"d":"0.00"}]
[null,"Підлога",{"$nulls":3},{"v":0,"d":"0.00"}]
[null,"Грунтування підлоги","м2",{"v":4.9,"d":"4.90"},null,{"v":0,"d":"0.00"},"Грунтівка Ceresit CT-17","л",{"v":0.2,"d":"0.20"},{"v":0.9800000000000001,"d":"0.98"},null,{"$f":"J167*K167","v":{"v":0,"d":"0.00"}}]
[null,"Улаштування самовирівнюючої стяжки ","м2",{"v":4.9,"d":"4.90"},null,{"v":0,"d":"0.00"},"Стяжка самовирівнююча CN-69","кг",{"v":18,"d":"18.00"},{"v":88.2,"d":"88.20"},null,{"v":0,"d":"0.00"}]
[null,"Грунтування підлоги","м2",{"v":4.9,"d":"4.90"},null,{"v":0,"d":"0.00"},"Грунтівка Ceresit CT-17","л",{"v":0.2,"d":"0.20"},{"v":0.9800000000000001,"d":"0.98"},null,{"v":0,"d":"0.00"}]
[null,"Улаштування покриття з лінолеуму","м2",{"v":4.9,"d":"4.90"},null,{"v":0,"d":"0.00"},"Лінолеум ","м2",{"v":1.2,"d":"1.20"},5.88,null,{"v":0,"d":"0.00"}]
[{"$nulls":6},"Клей для лінолеуму","кг",null,{"v":5,"d":"5.00"},null,{"v":0,"d":"0.00"}]
[{"$nulls":6},"Шнур для лінолеуму","м.п",null,{"v":10,"d":"10.00"},null,{"v":0,"d":"0.00"}]
[null,"Улаштування плінтусів з лінолеуму","м.п.",{"v":12,"d":"12.00"},null,{"$f":"E173*D173","v":{"v":0,"d":"0.00"}},"Лінолеум ","м2",{"v":0.2,"d":"0.20"},{"v":2.8800000000000003,"d":"2.88"},null,{"v":0,"d":"0.00"}]
[{"$nulls":6},"Клей для лінолеуму","кг",null,{"v":1,"d":"1.00"},null,{"v":0,"d":"0.00"}]
[{"$nulls":6},"Шнур для лінолеуму","м.п",null,{"v":2,"d":"2.00"},null,{"v":0,"d":"0.00"}]
[null,"Учительська",{"$nulls":3},{"$f":"D176*E176","v":{"v":0,"d":"0.00"}}]
[null,"Стеля",{"$nulls":3},{"v":0,"d":"0.00"}]
[null,"Грунтування стелі та балок ","м2",{"v":16,"d":"16.00"},null,{"v":0,"d":"0.00"},"Грунтівка Ceresit CT-17","л",{"v":0.2,"d":"0.20"},{"v":3.2,"d":"3.20"},null,{"$f":"J178*K178","v":{"v":0,"d":"0.00"}}]
[null,"Штукатурка стелі та балок по сітці","м2",{"v":16,"d":"16.00"},null,{"v":0,"d":"0.00"},"Штукатурка Ceresit CT-25","кг",{"v":7,"d":"7.00"},{"v":112,"d":"112.00"},null,{"v":0,"d":"0.00"}]
[{"$nulls":6},"Сітка штукатурна скловолокно CT-325","м2",{"v":1.1,"d":"1.10"},{"v":17.6,"d":"17.60"},null,{"v":0,"d":"0.00"}]
[null,"Грунтування стелі та балок","м2",{"v":16,"d":"16.00"},null,{"$f":"E181*D181","v":{"v":0,"d":"0.00"}},"Грунтівка Ceresit CT-17","л",{"v":0.2,"d":"0.20"},{"v":3.2,"d":"3.20"},null,{"v":0,"d":"0.00"}]
[null,"Шпаклювання стелі та балок","м2",{"v":16,"d":"16.00"},null,{"$f":"D182*E182","v":{"v":0,"d":"0.00"}},"Шпаклівка гіпсова Кнауф старт ","кг",{"v":3,"d":"3.00"},{"v":48,"d":"48.00"},null,{"v":0,"d":"0.00"}]
[{"$nulls":6},"Шпаклівка гіпсова Кнауф фініш","кг",{"v":1.8,"d":"1.80"},{"v":28.8,"d":"28.80"},null,{"v":0,"d":"0.00"}]
[null,"Грунтування стелі та балок","м2",{"v":16,"d":"16.00"},null,{"$f":"D184*E184","v":{"v":0,"d":"0.00"}},"Грунтівка Ceresit CT-16","кг",0.65,{"v":10.4,"d":"10.40"},null,{"v":0,"d":"0.00"}]
[null,"Фарбування стеліта балок (2 шари)","м2",{"v":16,"d":"16.00"},null,{"v":0,"d":"0.00"},"Фарба водоемульсійна  (Ceresit IN 53+пігмент)","л",0.35,{"v":5.6,"d":"5.60"},null,{"v":0,"d":"0.00"}]
[null,"Стіни",{"$nulls":3},{"v":0,"d":"0.00"}]
[null,"Грунтування стін ","м2",{"v":13.5,"d":"13.50"},null,{"v":0,"d":"0.00"},"Грунтівка Ceresit CT-17","л",{"v":0.2,"d":"0.20"},{"v":2.7,"d":"2.70"},null,{"$f":"J187*K187","v":{"v":0,"d":"0.00"}}]
[null,"Штукатурка стін по маяках ","м2",{"v":13.5,"d":"13.50"},null,{"v":0,"d":"0.00"},"Маяк штукатурний 10мм",null,null,{"v":15,"d":"15.00"},null,{"v":0,"d":"0.00"}]
[{"$nulls":6},"Сітка штукатурна скловолокно CT-325","м2",{"v":1.1,"d":"1.10"},{"v":14.850000000000001,"d":"14.85"},null,{"v":0,"d":"0.00"}]
[{"$nulls":6},"Штукатурка Ceresit CT-25","кг",{"v":7,"d":"7.00"},{"v":94.5,"d":"94.50"},null,{"v":0,"d":"0.00"}]
[null,"Грунтування стін ","м2",{"v":34.5,"d":"34.50"},null,{"$f":"D191*E191","v":{"v":0,"d":"0.00"}},"Грунтівка Ceresit CT-17","л",{"v":0.2,"d":"0.20"},{"v":6.9,"d":"6.90"},null,{"v":0,"d":"0.00"}]
[null,"Шпаклювання стін","м2",{"v":34.5,"d":"34.50"},null,{"v":0,"d":"0.00"},"Шпаклівка гіпсова Кнауф старт","кг",{"v":3,"d":"3.00"},{"v":103.5,"d":"103.50"},null,{"v":0,"d":"0.00"}]
[{"$nulls":6},"Шпаклівка гіпсова Кнауф фініш","кг",{"v":1.8,"d":"1.80"},{"v":62.1,"d":"62.10"},null,{"v":0,"d":"0.00"}]
[null,"Грунтування стін ","м2",{"v":34.5,"d":"34.50"},null,{"$f":"D194*E194","v":{"v":0,"d":"0.00"}},"Грунтівка Ceresit CT-16","кг",0.65,{"v":22.425,"d":"22.43"},null,{"v":0,"d":"0.00"}]
[null,"Фарбування стін (2 шари)","м2",{"v":34.5,"d":"34.50"},null,{"v":0,"d":"0.00"},"Фарба водоемульсійна  (Ceresit IN 53+пігмент)","л",0.35,{"v":12.075,"d":"12.08"},null,{"v":0,"d":"0.00"}]
[null,"Очищення радіаторів опалення від старої фарби","секція",{"v":7,"d":"7.00"},null,{"v":0,"d":"0.00"}]
[null,"Фарбування радіаторів опалення (2 шари)","секція",{"v":7,"d":"7.00"},null,{"v":0,"d":"0.00"},"Емаль для радіаторів","кг",{"v":0.4,"d":"0.40"},{"v":2.8000000000000003,"d":"2.80"},null,{"$f":"J197*K197","v":{"v":0,"d":"0.00"}}]
[null,"Підлога ",{"$nulls":3},{"v":0,"d":"0.00"}]
[null,"Грунтування підлоги","м2",{"v":11.8,"d":"11.80"},null,{"v":0,"d":"0.00"},"Грунтівка Ceresit CT-17","л",{"v":0.2,"d":"0.20"},{"v":2.3600000000000003,"d":"2.36"},null,{"$f":"J199*K199","v":{"v":0,"d":"0.00"}}]
[null,"Улаштування самовирівнюючої стяжки підлоги","м2",{"v":11.8,"d":"11.80"},null,{"v":0,"d":"0.00"},"Стяжка самовирівнююча CN-69",null,{"v":18,"d":"18.00"},{"v":212.4,"d":"212.40"},null,{"v":0,"d":"0.00"}]
[null,"Улаштування покриття з лінолеуму","м2",{"v":11.8,"d":"11.80"},null,{"v":0,"d":"0.00"},"Лінолеум ","м2",{"v":1.2,"d":"1.20"},14.16,null,{"v":0,"d":"0.00"}]
[{"$nulls":6},"Клей для лінолеуму","кг",null,{"v":5,"d":"5.00"},null,{"v":0,"d":"0.00"}]
[{"$nulls":6},"Шнур для лінолеуму","м.п",null,{"v":10,"d":"10.00"},null,{"v":0,"d":"0.00"}]
[null,"Улаштування плінтусів з лінолеуму","м.п.",{"v":15,"d":"15.00"},null,{"$f":"E204*D204","v":{"v":0,"d":"0.00"}},"Лінолеум ","м2",{"v":0.2,"d":"0.20"},{"v":3.5999999999999996,"d":"3.60"},null,{"v":0,"d":"0.00"}]
[{"$nulls":6},"Клей для лінолеуму","кг",null,{"v":1,"d":"1.00"},null,{"v":0,"d":"0.00"}]
[{"$nulls":6},"Шнур для лінолеуму","м.п",null,{"v":2,"d":"2.00"},null,{"v":0,"d":"0.00"}]
[null,"Електротехнічні роботи"]
[null,"Кабель прокладка перетином від 6 до 35 мм² ","м",{"v":50,"d":"50.00"},null,{"$f":"D208*E208","v":{"v":0,"d":"0.00"}},"Кабель ВВГнгд 3х2.5","м",{"v":1.1,"d":"1.10"},{"v":55.00000000000001,"d":"55.00"},null,{"$f":"J208*K208","v":{"v":0,"d":"0.00"}}]
[null,"Кабель прокладка перетином до 6 мм² ","м",{"v":75,"d":"75.00"},null,{"v":0,"d":"0.00"},"Кабель ВВГнгд 3х1.5","м",{"v":1.1,"d":"1.10"},{"v":82.5,"d":"82.50"},null,{"v":0,"d":"0.00"}]
[null,"Світильники (настінні  герметичні)","шт",{"v":3,"d":"3.00"},null,{"v":0,"d":"0.00"},"Світильник настінний герметичний","шт",{"v":1,"d":"1.00"},{"v":3,"d":"3.00"},null,{"v":0,"d":"0.00"}]
[null,"Світильники (стельові світлодіодні)","шт",{"v":5,"d":"5.00"},null,{"v":0,"d":"0.00"},"Світильник для стелі 36 Вт (світлодіодна панель 600х600)","шт",{"v":1,"d":"1.00"},{"v":5,"d":"5.00"},null,{"v":0,"d":"0.00"}]
[null,"Розподільча коробка в цегляній стіні (підготовка отвору)","шт",{"v":5,"d":"5.00"},null,{"v":0,"d":"0.00"},"Сатенгіпс","кг",null,{"v":1,"d":"1.00"},null,{"v":0,"d":"0.00"}]
[null,"Розподільча коробка монтаж в підготовлений отвір","шт",{"v":5,"d":"5.00"},null,{"v":0,"d":"0.00"},"Розподільча коробка внутрішня (бетон)","шт",{"v":1,"d":"1.00"},{"v":5,"d":"5.00"},null,{"v":0,"d":"0.00"}]
[null,"Розподільча коробка розпаювання","шт",{"v":5,"d":"5.00"},null,{"v":0,"d":"0.00"},"Ізоляційна стрічка","шт",null,{"v":1,"d":"1.00"},null,{"v":0,"d":"0.00"}]
[null,"Підрозетник в цегляній стіні (підготовка отвору)","шт",{"v":12,"d":"12.00"},null,{"v":0,"d":"0.00"},"Коробка установочна ","шт",{"v":1,"d":"1.00"},{"v":12,"d":"12.00"},null,{"v":0,"d":"0.00"}]
[null,"Вимикач в існуючий підрозетник, встановлення","шт",{"v":5,"d":"5.00"},null,{"v":0,"d":"0.00"},"Вимикач внутрішній 1-но клавішний","шт",null,{"v":3,"d":"3.00"},null,{"v":0,"d":"0.00"}]
[{"$nulls":6},"Вимикач внутрішній 2-во клавішний","шт",null,{"v":2,"d":"2.00"},null,{"v":0,"d":"0.00"}]
[null,"Розетка в існуючий підрозетник, встановлення","шт",{"v":8,"d":"8.00"},null,{"$f":"D218*E218","v":{"v":0,"d":"0.00"}},"Розетка внутрішня з заземленням з кришкою ІР50","шт",null,{"v":2,"d":"2.00"},null,{"v":0,"d":"0.00"}]
[{"$nulls":6},"Рамка 2-на накладна","шт",null,{"v":3,"d":"3.00"},null,{"v":0,"d":"0.00"}]
[{"$nulls":6},"Розетка внутрішня з заземленням 1-на","шт",null,{"v":6,"d":"6.00"},null,{"v":0,"d":"0.00"}]
[null,"Внутрішні мережі каналізації та водопроводу"]
[null,"Прокладання труб каналізаційних","м.п.",{"v":8,"d":"8.00"},null,{"$f":"E222*D222","v":{"v":0,"d":"0.00"}},"Труби каналізаційні ПВХ 110","м",null,{"v":4,"d":"4.00"},null,{"$f":"J222*K222","v":{"v":0,"d":"0.00"}}]
[{"$nulls":6},"Труби каналізаційні ПВХ 50","м",null,{"v":4,"d":"4.00"},null,{"v":0,"d":"0.00"}]
[{"$nulls":6},"Коліна, муфти, перехідники ","шт",null,{"v":8,"d":"8.00"},null,{"v":0,"d":"0.00"}]
[null,"Установлення та підключення умивальників","шт",{"v":1,"d":"1.00"},null,{"$f":"E225*D225","v":{"v":0,"d":"0.00"}},"Умивальник","шт",{"v":1,"d":"1.00"},{"v":1,"d":"1.00"},null,{"v":0,"d":"0.00"}]
[{"$nulls":6},"Змішувач для умивальника","шт",{"v":1,"d":"1.00"},{"v":1,"d":"1.00"},null,{"v":0,"d":"0.00"}]
[{"$nulls":6},"Сифон для умивальника","шт",{"v":1,"d":"1.00"},{"v":1,"d":"1.00"},null,{"v":0,"d":"0.00"}]
[{"$nulls":6},"Шланг гнучкий ","шт",{"v":2,"d":"2.00"},{"v":2,"d":"2.00"},null,{"v":0,"d":"0.00"}]
[{"$nulls":6},"П'єдестал під умивальник","шт",{"v":1,"d":"1.00"},{"v":1,"d":"1.00"},null,{"v":0,"d":"0.00"}]
[null,"Монтаж та підключення бойлера","шт",{"v":1,"d":"1.00"},null,{"$f":"E230*D230","v":{"v":0,"d":"0.00"}},"Бойлер","шт",{"v":1,"d":"1.00"},{"v":1,"d":"1.00"},null,{"v":0,"d":"0.00"}]
[{"$nulls":6},"Шланг гнучкий ","шт",{"v":2,"d":"2.00"},{"v":2,"d":"2.00"},null,{"v":0,"d":"0.00"}]
[{"$nulls":6},"Комплект кріплення","шт",{"v":1,"d":"1.00"},{"v":1,"d":"1.00"},null,{"v":0,"d":"0.00"}]
[null,"Прокладання труб водопровідних ","м",{"v":10,"d":"10.00"},null,{"$f":"E233*D233","v":{"v":0,"d":"0.00"}},"Труба ППР 25","м",null,{"v":10,"d":"10.00"},null,{"v":0,"d":"0.00"}]
[{"$nulls":6},"Коліна, муфти, перехідники, крани ","шт",null,{"v":12,"d":"12.00"},null,{"v":0,"d":"0.00"}]
[null,"Вентиляція"]
[null,"Буріння отворів в стінах під вент короби","м2",{"v":4,"d":"4.00"},null,{"$f":"D236*E236","v":{"v":0,"d":"0.00"}}]
[null,"Прокладання коробів вентиляційних з оцинкованої сталі","м2",{"v":4.5,"d":"4.50"},null,{"v":0,"d":"0.00"},"Короб вентиляційний з оцинкованої сталі 0,6 мм","м2",{"v":1,"d":"1.00"},{"v":4.5,"d":"4.50"},null,{"$f":"J237*K237","v":{"v":0,"d":"0.00"}}]
[null,"Монтаж фасонних частин","м2",1.55,null,{"v":0,"d":"0.00"},"Перехідники, коліна, муфти, з'єднувачі 0,6 мм","м2",{"v":1,"d":"1.00"},1.55,null,{"v":0,"d":"0.00"}]
[null,"Установка решіток вентиляційних","шт",{"v":2,"d":"2.00"},null,{"v":0,"d":"0.00"},"Решітка вентиляційна","шт",{"v":1,"d":"1.00"},{"v":2,"d":"2.00"},null,{"v":0,"d":"0.00"}]
[null,"Установка вставок гнучких","шт",{"v":2,"d":"2.00"},null,{"v":0,"d":"0.00"},"Вставка гнучка","шт",{"v":1,"d":"1.00"},{"v":2,"d":"2.00"},null,{"v":0,"d":"0.00"}]
[null,"Установка вентиляторів","шт",{"v":1,"d":"1.00"},null,{"v":0,"d":"0.00"},"Вентилятор ","шт",{"v":1,"d":"1.00"},{"v":1,"d":"1.00"},null,{"v":0,"d":"0.00"}]
[null,"Пусконалагоджувальні роботи","шт",{"v":1,"d":"1.00"},null,{"v":0,"d":"0.00"},"Комутаційне обладнання","комплект",{"v":1,"d":"1.00"},{"v":1,"d":"1.00"},null,{"v":0,"d":"0.00"}]
[null,"Інші роботи"]
[null,"Прибирання та винесення сміття (з 2-го поверху)","т",{"v":20,"d":"20.00"},null,{"$f":"E244*D244","v":{"v":0,"d":"0.00"}}]
[null,"Навантаження та вивезення сміття","т",{"v":20,"d":"20.00"},null,{"v":0,"d":"0.00"}]
[null,"МіМ, проїзд, проживання",{"$nulls":4},"МШП",{"$nulls":4},{"$f":"J246*K246","v":{"v":0,"d":"0.00"}}]
[null,"ВСЬОГО по роботам",{"$nulls":3},{"$f":"SUM(F8:F246)","v":{"v":0,"d":"0.00"}},"ВСЬОГО по матеріалам",{"$nulls":4},{"$f":"SUM(L9:L246)","v":{"v":0,"d":"0.00"}}]
[null,"Всього",{"$nulls":3},{"$f":"F247+L247","v":{"v":0,"d":"0.00"}}]
[null,"ВСЬОГО, з ПДВ",{"$nulls":3},{"$f":"(F247+L247)*1.2","v":{"v":0,"d":"0.00"}}]

{"sheet":"Розділ 6","index":5,"n_rows":25,"n_cols":12,"rows_kept":25,"merged":[[0,0,0,11],[3,0,4,0],[3,1,4,1],[3,2,4,2],[3,3,3,5],[3,6,3,11],[22,1,22,4],[22,6,22,10],[24,1,24,4]]}
["Технічне завдання "]
["Проведення реконструкції спортивної зали в ЗОШ №20, м. Чернігів"]
["Об'єкт: Вентиляція спортзалу"]
["№п/п","Найменуванння робіт","Од. вим.","Р о б о т а ",null,null,"М а т е р і а л и"]
[{"$nulls":3},"Кіл-сть","Ціна, грн","Сумма, грн","Найменування матеріалів","Од. вим.","Норма  витрат","Кіл-сть","Ціна, грн ","Сумма, грн"]
[1,2,3,4,5,6,7,8,9,10,11,12]
[null,"Прорізання отворів під витяжну установку","шт",2,null,{"$f":"D7*E7","v":{"v":0,"d":"0.00"}}]
[null,"Монтаж приточно-витяжної установки ВУТ2000 ПЗ ЕС","шт",1,null,{"v":0,"d":"0.00"},"Приточно-витяжна установка ВУТ2000 ПЗ ЕС","шт",1,1,null,{"$f":"J8*K8","v":{"v":0,"d":"0.00"}}]
[null,"Гнучка вставка","шт",4,null,{"v":0,"d":"0.00"},"Гнучка вставка","шт",1,4,null,{"v":0,"d":"0.00"}]
[null,"Повітропровід з оцинкованої сталі 0,5-0,7 мм ø315","м2",9.89,null,{"v":0,"d":"0.00"},"Повітропровід з оцинкованої сталі 0,5-0,7 мм ø315","м2",1,9.89,null,{"v":0,"d":"0.00"}]
[null,"Повітропровід з оцинкованої сталі 0,5-0,7 мм ø250","м2",7.85,null,{"v":0,"d":"0.00"},"Повітропровід з оцинкованої сталі 0,5-0,7 мм ø250","м2",1,7.85,null,{"v":0,"d":"0.00"}]
[null,"Повітропровід з оцинкованої сталі 0,5-0,7 мм ø200","м2",6.28,null,{"v":0,"d":"0.00"},"Повітропровід з оцинкованої сталі 0,5-0,7 мм ø200","м2",1,6.28,null,{"v":0,"d":"0.00"}]
[null,"Повітропровід з оцинкованої сталі 0,5-0,7 мм ø150","м2",4.71,null,{"v":0,"d":"0.00"},"Повітропровід з оцинкованої сталі 0,5-0,7 мм ø150","м2",1,4.71,null,{"v":0,"d":"0.00"}]
[null,"Фасонні вироби з оцинкованої сталі 0,5-0,7 мм","м2",8.62,null,{"v":0,"d":"0.00"},"Фасонні вироби з оцинкованої сталі 0,5-0,7 мм","м2",1,8.62,null,{"v":0,"d":"0.00"}]
[null,"Ізоляція пінофол 10мм","м2",20,null,{"v":0,"d":"0.00"},"Ізоляція пінофол 10мм","м2",1,20,null,{"v":0,"d":"0.00"}]
[null,"Кріплення","кг",80,null,{"v":0,"d":"0.00"},"Кріплення","кг",1,80,null,{"v":0,"d":"0.00"}]
[null,"Решітка вентиляційна 400x200","шт",10,null,{"v":0,"d":"0.00"},"Решітка вентиляційна 400x200","шт",1,10,null,{"v":0,"d":"0.00"}]
[null,"Кабельна продукція","шт",1,null,{"v":0,"d":"0.00"},"Кабельна продукція","шт",1,1,null,{"v":0,"d":"0.00"}]
[null,"Дросель-клапан вентиляційний КРВ 315","шт",2,null,{"v":0,"d":"0.00"},"Дросель-клапан вентиляційний КРВ 315","шт",1,2,null,{"v":0,"d":"0.00"}]
[]
[null,"Пусконалагоджувальні роботи","Комплекс",1,null,{"$f":"D21*E21","v":{"v":0,"d":"0.00"}}]
[{"$nulls":6},"МШП","%",{"$nulls":3},{"$f":"SUM(L8:L19)*0.07","v":{"v":0,"d":"0.00"}}]
[null,"ВСЬОГО по роботам",{"$nulls":3},{"$f":"SUM(F7:F21)","v":{"v":0,"d":"0.00"}},"ВСЬОГО по матеріалам",{"$nulls":4},{"$f":"SUM(L8:L22)","v":{"v":0,"d":"0.00"}}]
[null,"Всього",{"$nulls":3},{"$f":"F23+L23","v":{"v":0,"d":"0.00"}}]
[null,"ВСЬОГО, з ПДВ",{"$nulls":3},{"$f":"(F23+L23)*1.2","v":{"v":0,"d":"0.00"}}]

{"sheet":"Зведена","index":6,"n_rows":9,"n_cols":3,"rows_kept":9,"merged":[[8,0,8,1]]}
[]
["№ розділу","Найменування","Ціна грн, з ПДВ"]
[1,"Решта по спортзалу (включно з дверима для евакуаціоного виходу)",{"$f":"'Розділ 1'!F50","v":{"v":0,"d":"0.00"}}]
[2,"Евакуаційні сходи (без врахування дверей)",{"$f":"'Розділ 2'!F20","v":{"v":0,"d":"0.00"}}]
[3,"Підлога (фінальне покриття лінолеум спортивний)",{"$f":"'Розділ 3'!F26","v":{"v":0,"d":"0.00"}}]
[4,"1-й поверх: Коридор, санвузол, роздягальня дівоча",{"$f":"'Розділ 4'!F228","v":{"v":0,"d":"0.00"}}]
[5,"2-й поверх: чоловіча роздягальня, тренерська, трибуна",{"$f":"'Розділ 5'!F249","v":{"v":0,"d":"0.00"}}]
[6,"Вентиляція спортзала",{"$f":"'Розділ 6'!F25","v":{"v":0,"d":"0.00"}}]
["Всього вартість робіт та матеріалів:",null,{"$f":"SUM(C3:C8)","v":{"v":0,"d":"0.00"}}]